{"text_format":"3","workbook":"xlsx","n_sheets":2,"sheets":["PO-PLE","CFF - PLE"],"read":"whole","date_system":"1900"}

{"sheet":"PO-PLE","index":0,"n_rows":263,"n_cols":19,"rows_kept":263,"merged":[[2,0,13,0],[2,1,13,1],[2,2,13,2],[2,3,13,3],[2,4,13,4],[2,5,13,5],[2,6,13,6],[2,7,13,7],[2,8,13,8],[2,9,13,9],[2,10,13,10],[2,11,13,11],[2,12,13,12],[2,13,13,13],[2,14,13,14],[17,0,28,0],[17,1,28,1],[17,2,28,2],[17,3,28,3],[17,4,28,4],[17,5,28,5],[17,6,28,6],[17,7,28,7],[17,8,28,8],[17,9,28,9],[17,10,28,10],[17,11,28,11],[17,12,28,12],[17,13,28,13],[17,14,28,14],[214,0,215,0],[214,1,215,1],[214,2,215,2],[214,3,215,3],[214,4,215,4],[214,5,215,5],[214,6,215,6],[214,7,215,7],[214,8,215,8],[214,9,215,9],[214,10,215,10],[214,11,215,11],[214,12,215,12],[214,13,215,13],[214,14,215,14]]}
["Nivel","N° Macrosserviço / Serviço","Fonte","Código","Descrição Macrosserviço / Serviço","Qtd. (valor calculado)","Und.","Custo Unitário Referência","Custo Unitário","BDI","Preço Unitário (valor calculado)","Preço Total (valor calculado)","Observação","N° Evento","Evento","N° Frente de Obra","Frente de Obra","Qtd.","Valor"]
["Macrosserviço","1","","","ADMINISTRAÇÃO DE OBRA","","","","","","",{"$f":"ROUND(L3,2)","v":99658.53},"","","","","","",""]
["Serviço","1.1","Composição","946158-001","ADMINISTRAÇÃO DE OBRA",{"$f":"R3+R4+R5+R6+R7+R8+R9+R10+R11+R12+R13+R14","v":{"v":1.0000000000000002,"d":"1.00"}},"UN",80369.76,80369.76,{"v":0.24,"d":"24.00%"},{"$f":"ROUND(I3,2)+(ROUND(I3,2)*J3)","v":99658.5024},{"$f":"ROUND(S3,2)+ROUND(S4,2)+ROUND(S5,2)+ROUND(S6,2)+ROUND(S7,2)+ROUND(S8,2)+ROUND(S9,2)+ROUND(S10,2)+ROUND(S11,2)+ROUND(S12,2)+ROUND(S13,2)+ROUND(S14,2)","v":99658.53},"","1","ADMINISTRAÇÃO LOCAL","1","SERVIÇOS PRELIMINARES",0.02,{"$f":"ROUND(K3,2)*R3","v":1993.17}]
[{"$nulls":15},"2","EDIFICAÇÃO",0.09,{"$f":"ROUND(K3,2)*R4","v":8969.265}]
[{"$nulls":15},"3","IMPLANTAÇÃO",0.12,{"$f":"ROUND(K3,2)*R5","v":11959.02}]
[{"$nulls":15},"4","FUNDAÇÕES",0.04,{"$f":"ROUND(K3,2)*R6","v":3986.34}]
[{"$nulls":15},"5","VIGAS BALDRAME",0.11,{"$f":"ROUND(K3,2)*R7","v":10962.435}]
[{"$nulls":15},"6","PILARES",0.09,{"$f":"ROUND(K3,2)*R8","v":8969.265}]
[{"$nulls":15},"7","VIGAS",0.16,{"$f":"ROUND(K3,2)*R9","v":15945.36}]
[{"$nulls":15},"8","LAJES",0.14,{"$f":"ROUND(K3,2)*R10","v":13952.19}]
[{"$nulls":15},"9","REVESTIMENTOS INTERNOS",0.06,{"$f":"ROUND(K3,2)*R11","v":5979.51}]
[{"$nulls":15},"10","REVESTIMENTOS EXTERNOS",0.07,{"$f":"ROUND(K3,2)*R12","v":6976.095}]
[{"$nulls":15},"11","PINTURA INTERNA",0.03,{"$f":"ROUND(K3,2)*R13","v":2989.755}]
[{"$nulls":15},"12","PINTURA EXTERNA",0.07,{"$f":"ROUND(K3,2)*R14","v":6976.095}]
["Macrosserviço","2","","","SERVIÇOS PRELIMINARES","","","","","","",{"$f":"ROUND(L16,2)+ROUND(L17,2)+ROUND(L18,2)","v":57669.71},"","","","","","",""]
["Serviço","2.1","Composição","946158-002","CANTEIRO DE OBRA",{"$f":"R16","v":{"v":1,"d":"1.00"}},"UN",11078.04,11078.04,{"v":0.24,"d":"24.00%"},{"$f":"ROUND(I16,2)+(ROUND(I16,2)*J16)","v":13736.769600000001},{"$f":"ROUND(S16,2)","v":13736.77},"","2","CANTEIRO DE OBRA","1","SERVIÇOS PRELIMINARES",{"v":1,"d":"1.00"},{"$f":"ROUND(K16,2)*R16","v":13736.77}]
["Serviço","2.2","Composição","946158-003","MOVIMENTO DE TERRA",{"$f":"R17","v":{"v":1,"d":"1.00"}},"UN",6029.79,6029.79,{"v":0.24,"d":"24.00%"},{"$f":"ROUND(I17,2)+(ROUND(I17,2)*J17)","v":7476.9396},{"$f":"ROUND(S17,2)","v":7476.94},"","3","MOVIMENTAÇÃO DE SOLOS","1","SERVIÇOS PRELIMINARES",{"v":1,"d":"1.00"},{"$f":"ROUND(K17,2)*R17","v":7476.94}]
["Serviço","2.3","Composição","CONTAINER","LOCAÇÃO DE CONTAINERS PARA CANTEIRO DE OBRA",{"$f":"R18+R19+R20+R21+R22+R23+R24+R25+R26+R27+R28+R29","v":{"v":1.0000000000000002,"d":"1.00"}},"UN",29400,29400,{"v":0.24,"d":"24.00%"},{"$f":"ROUND(I18,2)+(ROUND(I18,2)*J18)","v":36456},{"$f":"ROUND(S18,2)+ROUND(S19,2)+ROUND(S20,2)+ROUND(S21,2)+ROUND(S22,2)+ROUND(S23,2)+ROUND(S24,2)+ROUND(S25,2)+ROUND(S26,2)+ROUND(S27,2)+ROUND(S28,2)+ROUND(S29,2)","v":36456},"","2","CANTEIRO DE OBRA","1","SERVIÇOS PRELIMINARES",0.05,{"$f":"ROUND(K18,2)*R18","v":1822.8000000000002}]
[{"$nulls":15},"2","EDIFICAÇÃO",0.09,{"$f":"ROUND(K18,2)*R19","v":3281.04}]
[{"$nulls":15},"3","IMPLANTAÇÃO",0.12,{"$f":"ROUND(K18,2)*R20","v":4374.72}]
[{"$nulls":15},"4","FUNDAÇÕES",0.04,{"$f":"ROUND(K18,2)*R21","v":1458.24}]
[{"$nulls":15},"5","VIGAS BALDRAME",0.11,{"$f":"ROUND(K18,2)*R22","v":4010.16}]
[{"$nulls":15},"6","PILARES",0.09,{"$f":"ROUND(K18,2)*R23","v":3281.04}]
[{"$nulls":15},"7","VIGAS",0.16,{"$f":"ROUND(K18,2)*R24","v":5832.96}]
[{"$nulls":15},"8","LAJES",0.14,{"$f":"ROUND(K18,2)*R25","v":5103.84}]
[{"$nulls":15},"9","REVESTIMENTOS INTERNOS",0.06,{"$f":"ROUND(K18,2)*R26","v":2187.36}]
[{"$nulls":15},"10","REVESTIMENTOS EXTERNOS",0.07,{"$f":"ROUND(K18,2)*R27","v":2551.92}]
[{"$nulls":15},"11","PINTURA INTERNA",0.03,{"$f":"ROUND(K18,2)*R28","v":1093.68}]
[{"$nulls":15},"12","PINTURA EXTERNA",0.04,{"$f":"ROUND(K18,2)*R29","v":1458.24}]
["Macrosserviço","3","","","INFRA ESTRUTURA","","","","","","",{"$f":"ROUND(L31,2)+ROUND(L32,2)+ROUND(L33,2)+ROUND(L34,2)+ROUND(L35,2)+ROUND(L36,2)+ROUND(L37,2)+ROUND(L38,2)+ROUND(L39,2)+ROUND(L40,2)+ROUND(L41,2)+ROUND(L42,2)+ROUND(L43,2)+ROUND(L44,2)+ROUND(L45,2)+ROUND(L46,2)+ROUND(L47,2)+ROUND(L48,2)+ROUND(L49,2)+ROUND(L50,2)+ROUND(L51,2)+ROUND(L52,2)+ROUND(L53,2)+ROUND(L54,2)+ROUND(L55,2)+ROUND(L56,2)","v":244068.44000000003},"","","","","","",""]
["Serviço","3.1","SINAPI","100897","ESTACA ESCAVADA MECANICAMENTE, SEM FLUIDO ESTABILIZANTE, COM 40CM DE DIÂMETRO, CONCRETO LANÇADO POR CAMINHÃO BETONEIRA (EXCLUSIVE MOBILIZAÇÃO E DESMOBILIZAÇÃO). AF_01/2020",{"$f":"R31","v":{"v":280,"d":"280.00"}},"M",149.18,149.18,{"v":0.24,"d":"24.00%"},{"$f":"ROUND(I31,2)+(ROUND(I31,2)*J31)","v":184.9832},{"$f":"ROUND(S31,2)","v":51794.4},"","4","ESTACAS","4","FUNDAÇÕES",{"v":280,"d":"280.00"},{"$f":"ROUND(K31,2)*R31","v":51794.399999999994}]
["Serviço","3.2","SINAPI","96521","ESCAVAÇÃO MECANIZADA PARA BLOCO DE COROAMENTO OU SAPATA COM RETROESCAVADEIRA (INCLUINDO ESCAVAÇÃO PARA COLOCAÇÃO DE FÔRMAS). AF_01/2024",{"$f":"R32","v":48.04},"M3",39.21,39.21,{"v":0.24,"d":"24.00%"},{"$f":"ROUND(I32,2)+(ROUND(I32,2)*J32)","v":48.620400000000004},{"$f":"ROUND(S32,2)","v":2335.7},"","3","MOVIMENTAÇÃO DE SOLOS","4","FUNDAÇÕES",48.04,{"$f":"ROUND(K32,2)*R32","v":2335.7048}]
["Serviço","3.3","SINAPI","95601","ARRASAMENTO MECANICO DE ESTACA DE CONCRETO ARMADO, DIAMETROS DE ATÉ 40 CM. AF_05/2021",{"$f":"R33","v":{"v":56,"d":"56.00"}},"UN",15.72,15.72,{"v":0.24,"d":"24.00%"},{"$f":"ROUND(I33,2)+(ROUND(I33,2)*J33)","v":19.492800000000003},{"$f":"ROUND(S33,2)","v":1091.44},"","3","MOVIMENTAÇÃO DE SOLOS","4","FUNDAÇÕES",{"v":56,"d":"56.00"},{"$f":"ROUND(K33,2)*R33","v":1091.4399999999998}]
["Serviço","3.4","Composição","S-79483","SINAPI - 03/2016 - 79483 - APILOAMENTO COM MACO DE 30KG",{"$f":"R34","v":30.24},"M2",31.76,31.76,{"v":0.24,"d":"24.00%"},{"$f":"ROUND(I34,2)+(ROUND(I34,2)*J34)","v":39.382400000000004},{"$f":"ROUND(S34,2)","v":1190.85},"","3","MOVIMENTAÇÃO DE SOLOS","4","FUNDAÇÕES",30.24,{"$f":"ROUND(K34,2)*R34","v":1190.8512}]
["Serviço","3.5","SINAPI","96619","LASTRO DE CONCRETO MAGRO, APLICADO EM BLOCOS DE COROAMENTO OU SAPATAS, ESPESSURA DE 5 CM. AF_01/2024",{"$f":"R35","v":30.24},"M2",44.86,44.86,{"v":0.24,"d":"24.00%"},{"$f":"ROUND(I35,2)+(ROUND(I35,2)*J35)","v":55.6264},{"$f":"ROUND(S35,2)","v":1682.25},"","8","CONCRETAGENS","4","FUNDAÇÕES",30.24,{"$f":"ROUND(K35,2)*R35","v":1682.2512}]
["Serviço","3.6","SINAPI","96534","FABRICAÇÃO, MONTAGEM E DESMONTAGEM DE FÔRMA PARA BLOCO DE COROAMENTO, EM MADEIRA SERRADA, E=25 MM, 4 UTILIZAÇÕES. AF_01/2024",{"$f":"R36","v":107.52},"M2",83.82,83.82,{"v":0.24,"d":"24.00%"},{"$f":"ROUND(I36,2)+(ROUND(I36,2)*J36)","v":103.93679999999999},{"$f":"ROUND(S36,2)","v":11175.63},"","7","FÔRMAS","4","FUNDAÇÕES",107.52,{"$f":"ROUND(K36,2)*R36","v":11175.628799999999}]
["Serviço","3.7","SINAPI","96543","ARMAÇÃO DE BLOCO UTILIZANDO AÇO CA-60 DE 5 MM - MONTAGEM. AF_01/2024",{"$f":"R37","v":{"v":498,"d":"498.00"}},"KG",19.75,19.75,{"v":0.24,"d":"24.00%"},{"$f":"ROUND(I37,2)+(ROUND(I37,2)*J37)","v":24.490000000000002},{"$f":"ROUND(S37,2)","v":12196.02},"","6","ARMAÇÕES","4","FUNDAÇÕES",{"v":498,"d":"498.00"},{"$f":"ROUND(K37,2)*R37","v":12196.019999999999}]
["Serviço","3.8","SINAPI","96544","ARMAÇÃO DE BLOCO UTILIZANDO AÇO CA-50 DE 6,3 MM - MONTAGEM. AF_01/2024",{"$f":"R38","v":{"v":95,"d":"95.00"}},"KG",17.87,17.87,{"v":0.24,"d":"24.00%"},{"$f":"ROUND(I38,2)+(ROUND(I38,2)*J38)","v":22.1588},{"$f":"ROUND(S38,2)","v":2105.2},"","6","ARMAÇÕES","4","FUNDAÇÕES",{"v":95,"d":"95.00"},{"$f":"ROUND(K38,2)*R38","v":2105.2}]
["Serviço","3.9","SINAPI","96545","ARMAÇÃO DE BLOCO UTILIZANDO AÇO CA-50 DE 8 MM - MONTAGEM. AF_01/2024",{"$f":"R39","v":{"v":36,"d":"36.00"}},"KG",16.18,16.18,{"v":0.24,"d":"24.00%"},{"$f":"ROUND(I39,2)+(ROUND(I39,2)*J39)","v":20.0632},{"$f":"ROUND(S39,2)","v":722.16},"","6","ARMAÇÕES","4","FUNDAÇÕES",{"v":36,"d":"36.00"},{"$f":"ROUND(K39,2)*R39","v":722.16}]
["Serviço","3.10","SINAPI","96546","ARMAÇÃO DE BLOCO UTILIZANDO AÇO CA-50 DE 10 MM - MONTAGEM. AF_01/2024",{"$f":"R40","v":{"v":1795,"d":"1,795.00"}},"KG",14.19,14.19,{"v":0.24,"d":"24.00%"},{"$f":"ROUND(I40,2)+(ROUND(I40,2)*J40)","v":17.595599999999997},{"$f":"ROUND(S40,2)","v":31592},"","6","ARMAÇÕES","4","FUNDAÇÕES",{"v":1795,"d":"1,795.00"},{"$f":"ROUND(K40,2)*R40","v":31592.000000000004}]
["Serviço","3.11","SINAPI","96557","CONCRETAGEM DE BLOCO DE COROAMENTO OU VIGA BALDRAME, FCK 30 MPA, COM USO DE BOMBA - LANÇAMENTO, ADENSAMENTO E ACABAMENTO. AF_01/2024",{"$f":"R41","v":21.16},"M3",992.57,992.57,{"v":0.24,"d":"24.00%"},{"$f":"ROUND(I41,2)+(ROUND(I41,2)*J41)","v":1230.7868},{"$f":"ROUND(S41,2)","v":26043.52},"","8","CONCRETAGENS","4","FUNDAÇÕES",21.16,{"$f":"ROUND(K41,2)*R41","v":26043.5164}]
["Serviço","3.12","SINAPI","93382","REATERRO MANUAL DE VALAS, COM COMPACTADOR DE SOLOS DE PERCUSSÃO. AF_08/2023",{"$f":"R42","v":26.88},"M3",24.52,24.52,{"v":0.24,"d":"24.00%"},{"$f":"ROUND(I42,2)+(ROUND(I42,2)*J42)","v":30.404799999999998},{"$f":"ROUND(S42,2)","v":817.15},"","3","MOVIMENTAÇÃO DE SOLOS","4","FUNDAÇÕES",26.88,{"$f":"ROUND(K42,2)*R42","v":817.1519999999999}]
["Serviço","3.13","SINAPI","96525","ESCAVAÇÃO MECANIZADA PARA VIGA BALDRAME OU SAPATA CORRIDA COM MINI-ESCAVADEIRA (INCLUINDO ESCAVAÇÃO PARA COLOCAÇÃO DE FÔRMAS). AF_01/2024",{"$f":"R43","v":58.34},"M3",52.41,52.41,{"v":0.24,"d":"24.00%"},{"$f":"ROUND(I43,2)+(ROUND(I43,2)*J43)","v":64.9884},{"$f":"ROUND(S43,2)","v":3791.52},"","3","MOVIMENTAÇÃO DE SOLOS","5","VIGAS BALDRAME",58.34,{"$f":"ROUND(K43,2)*R43","v":3791.5166}]
["Serviço","3.14","Composição","S-79483","SINAPI - 03/2016 - 79483 - APILOAMENTO COM MACO DE 30KG",{"$f":"R44","v":145.86},"M2",31.76,31.76,{"v":0.24,"d":"24.00%"},{"$f":"ROUND(I44,2)+(ROUND(I44,2)*J44)","v":39.382400000000004},{"$f":"ROUND(S44,2)","v":5743.97},"","3","MOVIMENTAÇÃO DE SOLOS","5","VIGAS BALDRAME",145.86,{"$f":"ROUND(K44,2)*R44","v":5743.966800000001}]
["Serviço","3.15","SINAPI","96619","LASTRO DE CONCRETO MAGRO, APLICADO EM BLOCOS DE COROAMENTO OU SAPATAS, ESPESSURA DE 5 CM. AF_01/2024",{"$f":"R45","v":145.86},"M2",44.86,44.86,{"v":0.24,"d":"24.00%"},{"$f":"ROUND(I45,2)+(ROUND(I45,2)*J45)","v":55.6264},{"$f":"ROUND(S45,2)","v":8114.19},"","8","CONCRETAGENS","5","VIGAS BALDRAME",145.86,{"$f":"ROUND(K45,2)*R45","v":8114.191800000001}]
["Serviço","3.16","SINAPI","96536","FABRICAÇÃO, MONTAGEM E DESMONTAGEM DE FÔRMA PARA VIGA BALDRAME, EM MADEIRA SERRADA, E=25 MM, 4 UTILIZAÇÕES. AF_01/2024",{"$f":"R46","v":275.03},"M2",73.43,73.43,{"v":0.24,"d":"24.00%"},{"$f":"ROUND(I46,2)+(ROUND(I46,2)*J46)","v":91.0532},{"$f":"ROUND(S46,2)","v":25041.48},"","7","FÔRMAS","5","VIGAS BALDRAME",275.03,{"$f":"ROUND(K46,2)*R46","v":25041.481499999998}]
["Serviço","3.17","SINAPI","104916","ARMAÇÃO DE SAPATA ISOLADA, VIGA BALDRAME E SAPATA CORRIDA UTILIZANDO AÇO CA-60 DE 5 MM - MONTAGEM. AF_01/2024",{"$f":"R47","v":{"v":275,"d":"275.00"}},"KG",16.69,16.69,{"v":0.24,"d":"24.00%"},{"$f":"ROUND(I47,2)+(ROUND(I47,2)*J47)","v":20.695600000000002},{"$f":"ROUND(S47,2)","v":5692.5},"","6","ARMAÇÕES","5","VIGAS BALDRAME",{"v":275,"d":"275.00"},{"$f":"ROUND(K47,2)*R47","v":5692.5}]
["Serviço","3.18","SINAPI","104917","ARMAÇÃO DE SAPATA ISOLADA, VIGA BALDRAME E SAPATA CORRIDA UTILIZANDO AÇO CA-50 DE 6,3 MM - MONTAGEM. AF_01/2024",{"$f":"R48","v":{"v":6,"d":"6.00"}},"KG",15.57,15.57,{"v":0.24,"d":"24.00%"},{"$f":"ROUND(I48,2)+(ROUND(I48,2)*J48)","v":19.3068},{"$f":"ROUND(S48,2)","v":115.86},"","6","ARMAÇÕES","5","VIGAS BALDRAME",{"v":6,"d":"6.00"},{"$f":"ROUND(K48,2)*R48","v":115.85999999999999}]
["Serviço","3.19","SINAPI","104918","ARMAÇÃO DE SAPATA ISOLADA, VIGA BALDRAME E SAPATA CORRIDA UTILIZANDO AÇO CA-50 DE 8 MM - MONTAGEM. AF_01/2024",{"$f":"R49","v":{"v":186,"d":"186.00"}},"KG",14.5,14.5,{"v":0.24,"d":"24.00%"},{"$f":"ROUND(I49,2)+(ROUND(I49,2)*J49)","v":17.98},{"$f":"ROUND(S49,2)","v":3344.28},"","6","ARMAÇÕES","5","VIGAS BALDRAME",{"v":186,"d":"186.00"},{"$f":"ROUND(K49,2)*R49","v":3344.28}]
["Serviço","3.20","SINAPI","104919","ARMAÇÃO DE SAPATA ISOLADA, VIGA BALDRAME E SAPATA CORRIDA UTILIZANDO AÇO CA-50 DE 10 MM - MONTAGEM. AF_01/2024",{"$f":"R50","v":{"v":480,"d":"480.00"}},"KG",12.96,12.96,{"v":0.24,"d":"24.00%"},{"$f":"ROUND(I50,2)+(ROUND(I50,2)*J50)","v":16.0704},{"$f":"ROUND(S50,2)","v":7713.6},"","6","ARMAÇÕES","5","VIGAS BALDRAME",{"v":480,"d":"480.00"},{"$f":"ROUND(K50,2)*R50","v":7713.6}]
["Serviço","3.21","SINAPI","104920","ARMAÇÃO DE BLOCO, SAPATA ISOLADA, VIGA BALDRAME E SAPATA CORRIDA UTILIZANDO AÇO CA-50 DE 12,5 MM - MONTAGEM. AF_01/2024",{"$f":"R51","v":{"v":56,"d":"56.00"}},"KG",10.99,10.99,{"v":0.24,"d":"24.00%"},{"$f":"ROUND(I51,2)+(ROUND(I51,2)*J51)","v":13.627600000000001},{"$f":"ROUND(S51,2)","v":763.28},"","6","ARMAÇÕES","5","VIGAS BALDRAME",{"v":56,"d":"56.00"},{"$f":"ROUND(K51,2)*R51","v":763.2800000000001}]
["Serviço","3.22","SINAPI","104921","ARMAÇÃO DE BLOCO, SAPATA ISOLADA, VIGA BALDRAME E SAPATA CORRIDA UTILIZANDO AÇO CA-50 DE 16 MM - MONTAGEM. AF_01/2024",{"$f":"R52","v":{"v":208,"d":"208.00"}},"KG",10.39,10.39,{"v":0.24,"d":"24.00%"},{"$f":"ROUND(I52,2)+(ROUND(I52,2)*J52)","v":12.883600000000001},{"$f":"ROUND(S52,2)","v":2679.04},"","6","ARMAÇÕES","5","VIGAS BALDRAME",{"v":208,"d":"208.00"},{"$f":"ROUND(K52,2)*R52","v":2679.04}]
["Serviço","3.23","SINAPI","104922","ARMAÇÃO DE BLOCO, SAPATA ISOLADA E SAPATA CORRIDA UTILIZANDO AÇO CA-50 DE 20 MM - MONTAGEM. AF_01/2024",{"$f":"R53","v":{"v":47,"d":"47.00"}},"KG",11.47,11.47,{"v":0.24,"d":"24.00%"},{"$f":"ROUND(I53,2)+(ROUND(I53,2)*J53)","v":14.222800000000001},{"$f":"ROUND(S53,2)","v":668.34},"","6","ARMAÇÕES","5","VIGAS BALDRAME",{"v":47,"d":"47.00"},{"$f":"ROUND(K53,2)*R53","v":668.34}]
["Serviço","3.24","SINAPI","96557","CONCRETAGEM DE BLOCO DE COROAMENTO OU VIGA BALDRAME, FCK 30 MPA, COM USO DE BOMBA - LANÇAMENTO, ADENSAMENTO E ACABAMENTO. AF_01/2024",{"$f":"R54","v":18.79},"M3",992.57,992.57,{"v":0.24,"d":"24.00%"},{"$f":"ROUND(I54,2)+(ROUND(I54,2)*J54)","v":1230.7868},{"$f":"ROUND(S54,2)","v":23126.54},"","8","CONCRETAGENS","5","VIGAS BALDRAME",18.79,{"$f":"ROUND(K54,2)*R54","v":23126.5441}]
["Serviço","3.25","SINAPI","98557","IMPERMEABILIZAÇÃO DE SUPERFÍCIE COM EMULSÃO ASFÁLTICA, 2 DEMÃOS. AF_09/2023",{"$f":"R55","v":275.03},"M2",39.07,39.07,{"v":0.24,"d":"24.00%"},{"$f":"ROUND(I55,2)+(ROUND(I55,2)*J55)","v":48.446799999999996},{"$f":"ROUND(S55,2)","v":13325.2},"","5","IMPERMEABILIZAÇÕES","5","VIGAS BALDRAME",275.03,{"$f":"ROUND(K55,2)*R55","v":13325.2035}]
["Serviço","3.26","SINAPI","93382","REATERRO MANUAL DE VALAS, COM COMPACTADOR DE SOLOS DE PERCUSSÃO. AF_08/2023",{"$f":"R56","v":39.55},"M3",24.52,24.52,{"v":0.24,"d":"24.00%"},{"$f":"ROUND(I56,2)+(ROUND(I56,2)*J56)","v":30.404799999999998},{"$f":"ROUND(S56,2)","v":1202.32},"","3","MOVIMENTAÇÃO DE SOLOS","5","VIGAS BALDRAME",39.55,{"$f":"ROUND(K56,2)*R56","v":1202.32}]
["Macrosserviço","4","","","SUPERESTRUTURA","","","","","","",{"$f":"ROUND(L58,2)+ROUND(L59,2)+ROUND(L60,2)+ROUND(L61,2)+ROUND(L62,2)+ROUND(L63,2)+ROUND(L64,2)+ROUND(L65,2)+ROUND(L66,2)+ROUND(L67,2)+ROUND(L68,2)+ROUND(L69,2)+ROUND(L70,2)+ROUND(L71,2)+ROUND(L72,2)+ROUND(L73,2)+ROUND(L74,2)+ROUND(L75,2)+ROUND(L76,2)+ROUND(L77,2)","v":180645.02},"","","","","","",""]
["Serviço","4.1","SINAPI","92413","MONTAGEM E DESMONTAGEM DE FÔRMA DE PILARES RETANGULARES E ESTRUTURAS SIMILARES, PÉ-DIREITO SIMPLES, EM MADEIRA SERRADA, 4 UTILIZAÇÕES. AF_09/2020",{"$f":"R58","v":186.74},"M2",109.21,109.21,{"v":0.24,"d":"24.00%"},{"$f":"ROUND(I58,2)+(ROUND(I58,2)*J58)","v":135.4204},{"$f":"ROUND(S58,2)","v":25288.33},"","7","FÔRMAS","6","PILARES",186.74,{"$f":"ROUND(K58,2)*R58","v":25288.3308}]
["Serviço","4.2","SINAPI","92759","ARMAÇÃO DE PILAR OU VIGA DE ESTRUTURA CONVENCIONAL DE CONCRETO ARMADO UTILIZANDO AÇO CA-60 DE 5,0 MM - MONTAGEM. AF_06/2022",{"$f":"R59","v":{"v":240,"d":"240.00"}},"KG",14.19,14.19,{"v":0.24,"d":"24.00%"},{"$f":"ROUND(I59,2)+(ROUND(I59,2)*J59)","v":17.595599999999997},{"$f":"ROUND(S59,2)","v":4224},"","6","ARMAÇÕES","6","PILARES",{"v":240,"d":"240.00"},{"$f":"ROUND(K59,2)*R59","v":4224}]
["Serviço","4.3","SINAPI","92761","ARMAÇÃO DE PILAR OU VIGA DE ESTRUTURA CONVENCIONAL DE CONCRETO ARMADO UTILIZANDO AÇO CA-50 DE 8,0 MM - MONTAGEM. AF_06/2022",{"$f":"R60","v":{"v":47,"d":"47.00"}},"KG",12.68,12.68,{"v":0.24,"d":"24.00%"},{"$f":"ROUND(I60,2)+(ROUND(I60,2)*J60)","v":15.723199999999999},{"$f":"ROUND(S60,2)","v":738.84},"","6","ARMAÇÕES","6","PILARES",{"v":47,"d":"47.00"},{"$f":"ROUND(K60,2)*R60","v":738.84}]
["Serviço","4.4","SINAPI","92762","ARMAÇÃO DE PILAR OU VIGA DE ESTRUTURA CONVENCIONAL DE CONCRETO ARMADO UTILIZANDO AÇO CA-50 DE 10,0 MM - MONTAGEM. AF_06/2022",{"$f":"R61","v":{"v":418,"d":"418.00"}},"KG",11.34,11.34,{"v":0.24,"d":"24.00%"},{"$f":"ROUND(I61,2)+(ROUND(I61,2)*J61)","v":14.0616},{"$f":"ROUND(S61,2)","v":5877.08},"","6","ARMAÇÕES","6","PILARES",{"v":418,"d":"418.00"},{"$f":"ROUND(K61,2)*R61","v":5877.08}]
["Serviço","4.5","SINAPI","92763","ARMAÇÃO DE PILAR OU VIGA DE ESTRUTURA CONVENCIONAL DE CONCRETO ARMADO UTILIZANDO AÇO CA-50 DE 12,5 MM - MONTAGEM. AF_06/2022",{"$f":"R62","v":{"v":169,"d":"169.00"}},"KG",9.55,9.55,{"v":0.24,"d":"24.00%"},{"$f":"ROUND(I62,2)+(ROUND(I62,2)*J62)","v":11.842},{"$f":"ROUND(S62,2)","v":2000.96},"","6","ARMAÇÕES","6","PILARES",{"v":169,"d":"169.00"},{"$f":"ROUND(K62,2)*R62","v":2000.96}]
["Serviço","4.6","SINAPI","92764","ARMAÇÃO DE PILAR OU VIGA DE ESTRUTURA CONVENCIONAL DE CONCRETO ARMADO UTILIZANDO AÇO CA-50 DE 16,0 MM - MONTAGEM. AF_06/2022",{"$f":"R63","v":{"v":312,"d":"312.00"}},"KG",9.25,9.25,{"v":0.24,"d":"24.00%"},{"$f":"ROUND(I63,2)+(ROUND(I63,2)*J63)","v":11.469999999999999},{"$f":"ROUND(S63,2)","v":3578.64},"","6","ARMAÇÕES","6","PILARES",{"v":312,"d":"312.00"},{"$f":"ROUND(K63,2)*R63","v":3578.6400000000003}]
["Serviço","4.7","SINAPI","94972","CONCRETO FCK = 30MPA, TRAÇO 1:2,1:2,5 (EM MASSA SECA DE CIMENTO/ AREIA MÉDIA/ BRITA 1) - PREPARO MECÂNICO COM BETONEIRA 600 L. AF_05/2021",{"$f":"R64","v":10.21},"M3",630.8,630.8,{"v":0.24,"d":"24.00%"},{"$f":"ROUND(I64,2)+(ROUND(I64,2)*J64)","v":782.192},{"$f":"ROUND(S64,2)","v":7986.16},"","8","CONCRETAGENS","6","PILARES",10.21,{"$f":"ROUND(K64,2)*R64","v":7986.1599000000015}]
["Serviço","4.8","SINAPI","103670","LANÇAMENTO COM USO DE BALDES, ADENSAMENTO E ACABAMENTO DE CONCRETO EM ESTRUTURAS. AF_02/2022",{"$f":"R65","v":10.21},"M3",287.19,287.19,{"v":0.24,"d":"24.00%"},{"$f":"ROUND(I65,2)+(ROUND(I65,2)*J65)","v":356.1156},{"$f":"ROUND(S65,2)","v":3635.99},"","8","CONCRETAGENS","6","PILARES",10.21,{"$f":"ROUND(K65,2)*R65","v":3635.9852000000005}]
["Serviço","4.9","SINAPI","92448","MONTAGEM E DESMONTAGEM DE FÔRMA DE VIGA, ESCORAMENTO COM PONTALETE DE MADEIRA, PÉ-DIREITO SIMPLES, EM MADEIRA SERRADA, 4 UTILIZAÇÕES. AF_09/2020",{"$f":"R66","v":353.04},"M2",155.89,155.89,{"v":0.24,"d":"24.00%"},{"$f":"ROUND(I66,2)+(ROUND(I66,2)*J66)","v":193.3036},{"$f":"ROUND(S66,2)","v":68242.63},"","7","FÔRMAS","7","VIGAS",353.04,{"$f":"ROUND(K66,2)*R66","v":68242.63200000001}]
["Serviço","4.10","SINAPI","92759","ARMAÇÃO DE PILAR OU VIGA DE ESTRUTURA CONVENCIONAL DE CONCRETO ARMADO UTILIZANDO AÇO CA-60 DE 5,0 MM - MONTAGEM. AF_06/2022",{"$f":"R67","v":{"v":376,"d":"376.00"}},"KG",14.19,14.19,{"v":0.24,"d":"24.00%"},{"$f":"ROUND(I67,2)+(ROUND(I67,2)*J67)","v":17.595599999999997},{"$f":"ROUND(S67,2)","v":6617.6},"","6","ARMAÇÕES","7","VIGAS",{"v":376,"d":"376.00"},{"$f":"ROUND(K67,2)*R67","v":6617.6}]
["Serviço","4.11","SINAPI","92760","ARMAÇÃO DE PILAR OU VIGA DE ESTRUTURA CONVENCIONAL DE CONCRETO ARMADO UTILIZANDO AÇO CA-50 DE 6,3 MM - MONTAGEM. AF_06/2022",{"$f":"R68","v":{"v":70,"d":"70.00"}},"KG",13.45,13.45,{"v":0.24,"d":"24.00%"},{"$f":"ROUND(I68,2)+(ROUND(I68,2)*J68)","v":16.677999999999997},{"$f":"ROUND(S68,2)","v":1167.6},"","6","ARMAÇÕES","7","VIGAS",{"v":70,"d":"70.00"},{"$f":"ROUND(K68,2)*R68","v":1167.6}]
["Serviço","4.12","SINAPI","92761","ARMAÇÃO DE PILAR OU VIGA DE ESTRUTURA CONVENCIONAL DE CONCRETO ARMADO UTILIZANDO AÇO CA-50 DE 8,0 MM - MONTAGEM. AF_06/2022",{"$f":"R69","v":{"v":426,"d":"426.00"}},"KG",12.68,12.68,{"v":0.24,"d":"24.00%"},{"$f":"ROUND(I69,2)+(ROUND(I69,2)*J69)","v":15.723199999999999},{"$f":"ROUND(S69,2)","v":6696.72},"","6","ARMAÇÕES","7","VIGAS",{"v":426,"d":"426.00"},{"$f":"ROUND(K69,2)*R69","v":6696.72}]
["Serviço","4.13","SINAPI","92762","ARMAÇÃO DE PILAR OU VIGA DE ESTRUTURA CONVENCIONAL DE CONCRETO ARMADO UTILIZANDO AÇO CA-50 DE 10,0 MM - MONTAGEM. AF_06/2022",{"$f":"R70","v":{"v":433,"d":"433.00"}},"KG",11.34,11.34,{"v":0.24,"d":"24.00%"},{"$f":"ROUND(I70,2)+(ROUND(I70,2)*J70)","v":14.0616},{"$f":"ROUND(S70,2)","v":6087.98},"","6","ARMAÇÕES","7","VIGAS",{"v":433,"d":"433.00"},{"$f":"ROUND(K70,2)*R70","v":6087.9800000000005}]
["Serviço","4.14","SINAPI","92763","ARMAÇÃO DE PILAR OU VIGA DE ESTRUTURA CONVENCIONAL DE CONCRETO ARMADO UTILIZANDO AÇO CA-50 DE 12,5 MM - MONTAGEM. AF_06/2022",{"$f":"R71","v":{"v":26,"d":"26.00"}},"KG",9.55,9.55,{"v":0.24,"d":"24.00%"},{"$f":"ROUND(I71,2)+(ROUND(I71,2)*J71)","v":11.842},{"$f":"ROUND(S71,2)","v":307.84},"","6","ARMAÇÕES","7","VIGAS",{"v":26,"d":"26.00"},{"$f":"ROUND(K71,2)*R71","v":307.84}]
["Serviço","4.15","SINAPI","92764","ARMAÇÃO DE PILAR OU VIGA DE ESTRUTURA CONVENCIONAL DE CONCRETO ARMADO UTILIZANDO AÇO CA-50 DE 16,0 MM - MONTAGEM. AF_06/2022",{"$f":"R72","v":{"v":18,"d":"18.00"}},"KG",9.25,9.25,{"v":0.24,"d":"24.00%"},{"$f":"ROUND(I72,2)+(ROUND(I72,2)*J72)","v":11.469999999999999},{"$f":"ROUND(S72,2)","v":206.46},"","6","ARMAÇÕES","7","VIGAS",{"v":18,"d":"18.00"},{"$f":"ROUND(K72,2)*R72","v":206.46}]
["Serviço","4.16","Composição","C30-USINADO","CONCRETAGEM DE VIGAS E LAJES, FCK=30 MPA, PARA LAJES MACIÇAS OU NERVURADAS COM USO DE BOMBA - LANÇAMENTO, ADENSAMENTO E ACABAMENTO. AF_02/2022_PS (REF. 103675)",{"$f":"R73","v":24.27},"M3",913.41,913.41,{"v":0.24,"d":"24.00%"},{"$f":"ROUND(I73,2)+(ROUND(I73,2)*J73)","v":1132.6284},{"$f":"ROUND(S73,2)","v":27488.93},"","8","CONCRETAGENS","7","VIGAS",24.27,{"$f":"ROUND(K73,2)*R73","v":27488.9301}]
["Serviço","4.17","SINAPI","92267","FABRICAÇÃO DE FÔRMA PARA LAJES, EM CHAPA DE MADEIRA COMPENSADA RESINADA, E = 17 MM. AF_09/2020",{"$f":"R74","v":27.14},"M2",61.48,61.48,{"v":0.24,"d":"24.00%"},{"$f":"ROUND(I74,2)+(ROUND(I74,2)*J74)","v":76.23519999999999},{"$f":"ROUND(S74,2)","v":2069.15},"","7","FÔRMAS","8","LAJES",27.14,{"$f":"ROUND(K74,2)*R74","v":2069.1536}]
["Serviço","4.18","SINAPI","92769","ARMAÇÃO DE LAJE DE ESTRUTURA CONVENCIONAL DE CONCRETO ARMADO UTILIZANDO AÇO CA-50 DE 6,3 MM - MONTAGEM. AF_06/2022",{"$f":"R75","v":{"v":122,"d":"122.00"}},"KG",12.95,12.95,{"v":0.24,"d":"24.00%"},{"$f":"ROUND(I75,2)+(ROUND(I75,2)*J75)","v":16.058},{"$f":"ROUND(S75,2)","v":1959.32},"","6","ARMAÇÕES","8","LAJES",{"v":122,"d":"122.00"},{"$f":"ROUND(K75,2)*R75","v":1959.32}]
["Serviço","4.19","SINAPI","92770","ARMAÇÃO DE LAJE DE ESTRUTURA CONVENCIONAL DE CONCRETO ARMADO UTILIZANDO AÇO CA-50 DE 8,0 MM - MONTAGEM. AF_06/2022",{"$f":"R76","v":{"v":123,"d":"123.00"}},"KG",12.2,12.2,{"v":0.24,"d":"24.00%"},{"$f":"ROUND(I76,2)+(ROUND(I76,2)*J76)","v":15.128},{"$f":"ROUND(S76,2)","v":1860.99},"","6","ARMAÇÕES","8","LAJES",{"v":123,"d":"123.00"},{"$f":"ROUND(K76,2)*R76","v":1860.99}]
["Serviço","4.20","Composição","C30-USINADO","CONCRETAGEM DE VIGAS E LAJES, FCK=30 MPA, PARA LAJES MACIÇAS OU NERVURADAS COM USO DE BOMBA - LANÇAMENTO, ADENSAMENTO E ACABAMENTO. AF_02/2022_PS (REF. 103675)",{"$f":"R77","v":4.07},"M3",913.41,913.41,{"v":0.24,"d":"24.00%"},{"$f":"ROUND(I77,2)+(ROUND(I77,2)*J77)","v":1132.6284},{"$f":"ROUND(S77,2)","v":4609.8},"","8","CONCRETAGENS","8","LAJES",4.07,{"$f":"ROUND(K77,2)*R77","v":4609.804100000001}]
["Macrosserviço","5","","","COBERTURA","","","","","","",{"$f":"ROUND(L79,2)+ROUND(L80,2)+ROUND(L81,2)+ROUND(L82,2)+ROUND(L83,2)+ROUND(L84,2)","v":152419.03},"","","","","","",""]
["Serviço","5.1","Composição","S-100775","SINAPI - 12/2024 - 100775 - ALTERADA CHAPA DE AÇO REPRESENTATIVA EM KG",{"$f":"R79","v":{"v":3084.16,"d":"3,084.16"}},"KG",12.58,12.58,{"v":0.24,"d":"24.00%"},{"$f":"ROUND(I79,2)+(ROUND(I79,2)*J79)","v":15.5992},{"$f":"ROUND(S79,2)","v":48112.9},"","11","ESTRUTURA METÁLICA DE COBERTURA","2","EDIFICAÇÃO",{"v":3084.16,"d":"3,084.16"},{"$f":"ROUND(K79,2)*R79","v":48112.89599999999}]
["Serviço","5.2","Composição","946158-009","PINTURA ESTRUTURA METÁLICA DE COBERTURA",{"$f":"R80","v":276.29},"M2",44.54,44.54,{"v":0.24,"d":"24.00%"},{"$f":"ROUND(I80,2)+(ROUND(I80,2)*J80)","v":55.2296},{"$f":"ROUND(S80,2)","v":15259.5},"","11","ESTRUTURA METÁLICA DE COBERTURA","2","EDIFICAÇÃO",276.29,{"$f":"ROUND(K80,2)*R80","v":15259.4967}]
["Serviço","5.3","SINAPI","92921","ARMAÇÃO DE ESTRUTURAS DIVERSAS DE CONCRETO ARMADO, EXCETO VIGAS, PILARES, LAJES E FUNDAÇÕES, UTILIZANDO AÇO CA-50 DE 12,5 MM - MONTAGEM. AF_06/2022",{"$f":"R81","v":100.29},"KG",10.16,10.16,{"v":0.24,"d":"24.00%"},{"$f":"ROUND(I81,2)+(ROUND(I81,2)*J81)","v":12.5984},{"$f":"ROUND(S81,2)","v":1263.65},"","11","ESTRUTURA METÁLICA DE COBERTURA","2","EDIFICAÇÃO",100.29,{"$f":"ROUND(K81,2)*R81","v":1263.654}]
["Serviço","5.4","SINAPI","94228","CALHA EM CHAPA DE AÇO GALVANIZADO NÚMERO 24, DESENVOLVIMENTO DE 50 CM, INCLUSO TRANSPORTE VERTICAL. AF_07/2019",{"$f":"R82","v":65.88},"M",95.5,95.5,{"v":0.24,"d":"24.00%"},{"$f":"ROUND(I82,2)+(ROUND(I82,2)*J82)","v":118.42},{"$f":"ROUND(S82,2)","v":7801.51},"","12","TELHAMENTO - RUFOS E CALHAS","2","EDIFICAÇÃO",65.88,{"$f":"ROUND(K82,2)*R82","v":7801.509599999999}]
["Serviço","5.5","SINAPI","94231","RUFO EM CHAPA DE AÇO GALVANIZADO NÚMERO 24, CORTE DE 25 CM, INCLUSO TRANSPORTE VERTICAL. AF_07/2019",{"$f":"R83","v":138.65},"M",57.12,57.12,{"v":0.24,"d":"24.00%"},{"$f":"ROUND(I83,2)+(ROUND(I83,2)*J83)","v":70.8288},{"$f":"ROUND(S83,2)","v":9820.58},"","12","TELHAMENTO - RUFOS E CALHAS","2","EDIFICAÇÃO",138.65,{"$f":"ROUND(K83,2)*R83","v":9820.5795}]
["Serviço","5.6","SINAPI","94216","TELHAMENTO COM TELHA METÁLICA TERMOACÚSTICA E = 30 MM, COM ATÉ 2 ÁGUAS, INCLUSO IÇAMENTO. AF_07/2019",{"$f":"R84","v":{"v":315.5,"d":"315.50"}},"M2",179.34,179.34,{"v":0.24,"d":"24.00%"},{"$f":"ROUND(I84,2)+(ROUND(I84,2)*J84)","v":222.3816},{"$f":"ROUND(S84,2)","v":70160.89},"","12","TELHAMENTO - RUFOS E CALHAS","2","EDIFICAÇÃO",{"v":315.5,"d":"315.50"},{"$f":"ROUND(K84,2)*R84","v":70160.89}]
["Macrosserviço","6","","","ALVENARIA E CONTRAMARCOS","","","","","","",{"$f":"ROUND(L86,2)+ROUND(L87,2)+ROUND(L88,2)","v":78429.06000000001},"","","","","","",""]
["Serviço","6.1","SINAPI","103328","ALVENARIA DE VEDAÇÃO DE BLOCOS CERÂMICOS FURADOS NA HORIZONTAL DE 9X19X19 CM (ESPESSURA 9 CM) E ARGAMASSA DE ASSENTAMENTO COM PREPARO EM BETONEIRA. AF_12/2021",{"$f":"R86","v":600.62},"M2",96.46,96.46,{"v":0.24,"d":"24.00%"},{"$f":"ROUND(I86,2)+(ROUND(I86,2)*J86)","v":119.6104},{"$f":"ROUND(S86,2)","v":71840.16},"","9","ALVENARIA DE BLOCOS CERÂMICOS","2","EDIFICAÇÃO",600.62,{"$f":"ROUND(K86,2)*R86","v":71840.1582}]
["Serviço","6.2","SINAPI","93187","VERGA MOLDADA IN LOCO EM CONCRETO, ESPESSURA DE *20* CM. AF_03/2024",{"$f":"R87","v":56.49},"M",76.68,76.68,{"v":0.24,"d":"24.00%"},{"$f":"ROUND(I87,2)+(ROUND(I87,2)*J87)","v":95.0832},{"$f":"ROUND(S87,2)","v":5371.07},"","10","CONTRAMARCOS","2","EDIFICAÇÃO",56.49,{"$f":"ROUND(K87,2)*R87","v":5371.0692}]
["Serviço","6.3","SINAPI","93197","CONTRAVERGA MOLDADA IN LOCO EM CONCRETO, ESPESSURA DE *20* CM. AF_03/2024",{"$f":"R88","v":{"v":16.8,"d":"16.80"}},"M",58.46,58.46,{"v":0.24,"d":"24.00%"},{"$f":"ROUND(I88,2)+(ROUND(I88,2)*J88)","v":72.4904},{"$f":"ROUND(S88,2)","v":1217.83},"","10","CONTRAMARCOS","2","EDIFICAÇÃO",{"v":16.8,"d":"16.80"},{"$f":"ROUND(K88,2)*R88","v":1217.8319999999999}]
["Macrosserviço","7","","","INSTALAÇÕES ELÉTRICAS","","","","","","",{"$f":"ROUND(L90,2)+ROUND(L91,2)+ROUND(L92,2)+ROUND(L93,2)+ROUND(L94,2)+ROUND(L95,2)+ROUND(L96,2)+ROUND(L97,2)+ROUND(L98,2)+ROUND(L99,2)+ROUND(L100,2)+ROUND(L101,2)+ROUND(L102,2)+ROUND(L103,2)+ROUND(L104,2)+ROUND(L105,2)+ROUND(L106,2)+ROUND(L107,2)+ROUND(L108,2)+ROUND(L109,2)+ROUND(L110,2)+ROUND(L111,2)+ROUND(L112,2)+ROUND(L113,2)+ROUND(L114,2)+ROUND(L115,2)+ROUND(L116,2)+ROUND(L117,2)+ROUND(L118,2)+ROUND(L119,2)+ROUND(L120,2)+ROUND(L121,2)+ROUND(L122,2)+ROUND(L123,2)+ROUND(L124,2)","v":38605.51},"","","","","","",""]
["Serviço","7.1","SINAPI","91924","CABO DE COBRE FLEXÍVEL ISOLADO, 1,5 MM², ANTI-CHAMA 450/750 V, PARA CIRCUITOS TERMINAIS - FORNECIMENTO E INSTALAÇÃO. AF_03/2023",{"$f":"R90","v":{"v":723.2,"d":"723.20"}},"M",3.26,3.26,{"v":0.24,"d":"24.00%"},{"$f":"ROUND(I90,2)+(ROUND(I90,2)*J90)","v":4.0424},{"$f":"ROUND(S90,2)","v":2921.73},"","13","CONDUTORES ELÉTRICOS","2","EDIFICAÇÃO",{"v":723.2,"d":"723.20"},{"$f":"ROUND(K90,2)*R90","v":2921.728}]
["Serviço","7.2","SINAPI","91926","CABO DE COBRE FLEXÍVEL ISOLADO, 2,5 MM², ANTI-CHAMA 450/750 V, PARA CIRCUITOS TERMINAIS - FORNECIMENTO E INSTALAÇÃO. AF_03/2023",{"$f":"R91","v":862.71},"M",4.78,4.78,{"v":0.24,"d":"24.00%"},{"$f":"ROUND(I91,2)+(ROUND(I91,2)*J91)","v":5.9272},{"$f":"ROUND(S91,2)","v":5115.87},"","13","CONDUTORES ELÉTRICOS","2","EDIFICAÇÃO",862.71,{"$f":"ROUND(K91,2)*R91","v":5115.8703}]
["Serviço","7.3","SINAPI","91928","CABO DE COBRE FLEXÍVEL ISOLADO, 4 MM², ANTI-CHAMA 450/750 V, PARA CIRCUITOS TERMINAIS - FORNECIMENTO E INSTALAÇÃO. AF_03/2023",{"$f":"R92","v":230.87},"M",7.44,7.44,{"v":0.24,"d":"24.00%"},{"$f":"ROUND(I92,2)+(ROUND(I92,2)*J92)","v":9.2256},{"$f":"ROUND(S92,2)","v":2130.93},"","13","CONDUTORES ELÉTRICOS","2","EDIFICAÇÃO",230.87,{"$f":"ROUND(K92,2)*R92","v":2130.9301}]
["Serviço","7.4","SINAPI","92982","CABO DE COBRE FLEXÍVEL ISOLADO, 16 MM², ANTI-CHAMA 0,6/1,0 KV, PARA DISTRIBUIÇÃO - FORNECIMENTO E INSTALAÇÃO. AF_10/2020",{"$f":"R93","v":{"v":104.2,"d":"104.20"}},"M",19.49,19.49,{"v":0.24,"d":"24.00%"},{"$f":"ROUND(I93,2)+(ROUND(I93,2)*J93)","v":24.167599999999997},{"$f":"ROUND(S93,2)","v":2518.51},"","13","CONDUTORES ELÉTRICOS","2","EDIFICAÇÃO",{"v":104.2,"d":"104.20"},{"$f":"ROUND(K93,2)*R93","v":2518.514}]
["Serviço","7.5","SINAPI","92984","CABO DE COBRE FLEXÍVEL ISOLADO, 25 MM², ANTI-CHAMA 0,6/1,0 KV, PARA REDE ENTERRADA DE DISTRIBUIÇÃO DE ENERGIA ELÉTRICA - FORNECIMENTO E INSTALAÇÃO. AF_12/2021",{"$f":"R94","v":{"v":27.2,"d":"27.20"}},"M",31.9,31.9,{"v":0.24,"d":"24.00%"},{"$f":"ROUND(I94,2)+(ROUND(I94,2)*J94)","v":39.556},{"$f":"ROUND(S94,2)","v":1076.03},"","13","CONDUTORES ELÉTRICOS","2","EDIFICAÇÃO",{"v":27.2,"d":"27.20"},{"$f":"ROUND(K94,2)*R94","v":1076.032}]
["Serviço","7.6","SINAPI","93653","DISJUNTOR MONOPOLAR TIPO DIN, CORRENTE NOMINAL DE 10A - FORNECIMENTO E INSTALAÇÃO. AF_10/2020",{"$f":"R95","v":{"v":13,"d":"13.00"}},"UN",12.2,12.2,{"v":0.24,"d":"24.00%"},{"$f":"ROUND(I95,2)+(ROUND(I95,2)*J95)","v":15.128},{"$f":"ROUND(S95,2)","v":196.69},"","14","DISJUNTORES","2","EDIFICAÇÃO",{"v":13,"d":"13.00"},{"$f":"ROUND(K95,2)*R95","v":196.69}]
["Serviço","7.7","SINAPI","93654","DISJUNTOR MONOPOLAR TIPO DIN, CORRENTE NOMINAL DE 16A - FORNECIMENTO E INSTALAÇÃO. AF_10/2020",{"$f":"R96","v":{"v":2,"d":"2.00"}},"UN",12.82,12.82,{"v":0.24,"d":"24.00%"},{"$f":"ROUND(I96,2)+(ROUND(I96,2)*J96)","v":15.8968},{"$f":"ROUND(S96,2)","v":31.8},"","14","DISJUNTORES","2","EDIFICAÇÃO",{"v":2,"d":"2.00"},{"$f":"ROUND(K96,2)*R96","v":31.8}]
["Serviço","7.8","SINAPI","93655","DISJUNTOR MONOPOLAR TIPO DIN, CORRENTE NOMINAL DE 20A - FORNECIMENTO E INSTALAÇÃO. AF_10/2020",{"$f":"R97","v":{"v":4,"d":"4.00"}},"UN",14.11,14.11,{"v":0.24,"d":"24.00%"},{"$f":"ROUND(I97,2)+(ROUND(I97,2)*J97)","v":17.496399999999998},{"$f":"ROUND(S97,2)","v":70},"","14","DISJUNTORES","2","EDIFICAÇÃO",{"v":4,"d":"4.00"},{"$f":"ROUND(K97,2)*R97","v":70}]
["Serviço","7.9","SINAPI","93660","DISJUNTOR BIPOLAR TIPO DIN, CORRENTE NOMINAL DE 10A - FORNECIMENTO E INSTALAÇÃO. AF_10/2020",{"$f":"R98","v":{"v":4,"d":"4.00"}},"UN",58.97,58.97,{"v":0.24,"d":"24.00%"},{"$f":"ROUND(I98,2)+(ROUND(I98,2)*J98)","v":73.1228},{"$f":"ROUND(S98,2)","v":292.48},"","14","DISJUNTORES","2","EDIFICAÇÃO",{"v":4,"d":"4.00"},{"$f":"ROUND(K98,2)*R98","v":292.48}]
["Serviço","7.10","SINAPI","93661","DISJUNTOR BIPOLAR TIPO DIN, CORRENTE NOMINAL DE 16A - FORNECIMENTO E INSTALAÇÃO. AF_10/2020",{"$f":"R99","v":{"v":1,"d":"1.00"}},"UN",60.21,60.21,{"v":0.24,"d":"24.00%"},{"$f":"ROUND(I99,2)+(ROUND(I99,2)*J99)","v":74.6604},{"$f":"ROUND(S99,2)","v":74.66},"","14","DISJUNTORES","2","EDIFICAÇÃO",{"v":1,"d":"1.00"},{"$f":"ROUND(K99,2)*R99","v":74.66}]
["Serviço","7.11","SINAPI","93668","DISJUNTOR TRIPOLAR TIPO DIN, CORRENTE NOMINAL DE 16A - FORNECIMENTO E INSTALAÇÃO. AF_10/2020",{"$f":"R100","v":{"v":1,"d":"1.00"}},"UN",75.75,75.75,{"v":0.24,"d":"24.00%"},{"$f":"ROUND(I100,2)+(ROUND(I100,2)*J100)","v":93.93},{"$f":"ROUND(S100,2)","v":93.93},"","14","DISJUNTORES","2","EDIFICAÇÃO",{"v":1,"d":"1.00"},{"$f":"ROUND(K100,2)*R100","v":93.93}]
["Serviço","7.12","SINAPI","101894","DISJUNTOR TRIPOLAR TIPO NEMA, CORRENTE NOMINAL DE 60 ATÉ 100A - FORNECIMENTO E INSTALAÇÃO. AF_10/2020",{"$f":"R101","v":{"v":2,"d":"2.00"}},"UN",162.53,162.53,{"v":0.24,"d":"24.00%"},{"$f":"ROUND(I101,2)+(ROUND(I101,2)*J101)","v":201.53719999999998},{"$f":"ROUND(S101,2)","v":403.08},"","14","DISJUNTORES","2","EDIFICAÇÃO",{"v":2,"d":"2.00"},{"$f":"ROUND(K101,2)*R101","v":403.08}]
["Serviço","7.13","Composição","DPS-175V-20KA","DISPOSITIVO DPS CLASSE II, 175 V, 20 KA - FORNECIMENTO E INSTALAÇÃO",{"$f":"R102","v":{"v":6,"d":"6.00"}},"UN",76.44,76.44,{"v":0.24,"d":"24.00%"},{"$f":"ROUND(I102,2)+(ROUND(I102,2)*J102)","v":94.78559999999999},{"$f":"ROUND(S102,2)","v":568.74},"","14","DISJUNTORES","2","EDIFICAÇÃO",{"v":6,"d":"6.00"},{"$f":"ROUND(K102,2)*R102","v":568.74}]
["Serviço","7.14","Composição","DR-63A","INTERRUPTOR TETRAPOLAR DR 63A - FORNECIMENTO E INSTALAÇÃO",{"$f":"R103","v":{"v":1,"d":"1.00"}},"UN",181.04,181.04,{"v":0.24,"d":"24.00%"},{"$f":"ROUND(I103,2)+(ROUND(I103,2)*J103)","v":224.4896},{"$f":"ROUND(S103,2)","v":224.49},"","14","DISJUNTORES","2","EDIFICAÇÃO",{"v":1,"d":"1.00"},{"$f":"ROUND(K103,2)*R103","v":224.49}]
["Serviço","7.15","Composição","DR-63A","INTERRUPTOR TETRAPOLAR DR 63A - FORNECIMENTO E INSTALAÇÃO",{"$f":"R104","v":{"v":1,"d":"1.00"}},"UN",181.04,181.04,{"v":0.24,"d":"24.00%"},{"$f":"ROUND(I104,2)+(ROUND(I104,2)*J104)","v":224.4896},{"$f":"ROUND(S104,2)","v":224.49},"","14","DISJUNTORES","2","EDIFICAÇÃO",{"v":1,"d":"1.00"},{"$f":"ROUND(K104,2)*R104","v":224.49}]
["Serviço","7.16","SINAPI","91857","ELETRODUTO FLEXÍVEL CORRUGADO REFORÇADO, PVC, DN 32 MM (1\"), PARA CIRCUITOS TERMINAIS, INSTALADO EM PAREDE - FORNECIMENTO E INSTALAÇÃO. AF_03/2023",{"$f":"R105","v":{"v":64.5,"d":"64.50"}},"M",15.24,15.24,{"v":0.24,"d":"24.00%"},{"$f":"ROUND(I105,2)+(ROUND(I105,2)*J105)","v":18.8976},{"$f":"ROUND(S105,2)","v":1219.05},"","15","ELETRODUTOS E CAIXAS","2","EDIFICAÇÃO",{"v":64.5,"d":"64.50"},{"$f":"ROUND(K105,2)*R105","v":1219.05}]
["Serviço","7.17","SINAPI","91855","ELETRODUTO FLEXÍVEL CORRUGADO REFORÇADO, PVC, DN 25 MM (3/4\"), PARA CIRCUITOS TERMINAIS, INSTALADO EM PAREDE - FORNECIMENTO E INSTALAÇÃO. AF_03/2023",{"$f":"R106","v":374.64},"M",10.76,10.76,{"v":0.24,"d":"24.00%"},{"$f":"ROUND(I106,2)+(ROUND(I106,2)*J106)","v":13.3424},{"$f":"ROUND(S106,2)","v":4997.7},"","15","ELETRODUTOS E CAIXAS","2","EDIFICAÇÃO",374.64,{"$f":"ROUND(K106,2)*R106","v":4997.6975999999995}]
["Serviço","7.18","SINAPI","97669","ELETRODUTO FLEXÍVEL CORRUGADO, PEAD, DN 90 (3\"), PARA REDE ENTERRADA DE DISTRIBUIÇÃO DE ENERGIA ELÉTRICA - FORNECIMENTO E INSTALAÇÃO. AF_12/2021",{"$f":"R107","v":{"v":28.2,"d":"28.20"}},"M",16.7,16.7,{"v":0.24,"d":"24.00%"},{"$f":"ROUND(I107,2)+(ROUND(I107,2)*J107)","v":20.708},{"$f":"ROUND(S107,2)","v":584.02},"","15","ELETRODUTOS E CAIXAS","2","EDIFICAÇÃO",{"v":28.2,"d":"28.20"},{"$f":"ROUND(K107,2)*R107","v":584.022}]
["Serviço","7.19","SINAPI","91959","INTERRUPTOR SIMPLES (2 MÓDULOS), 10A/250V, INCLUINDO SUPORTE E PLACA - FORNECIMENTO E INSTALAÇÃO. AF_03/2023",{"$f":"R108","v":{"v":1,"d":"1.00"}},"UN",44.03,44.03,{"v":0.24,"d":"24.00%"},{"$f":"ROUND(I108,2)+(ROUND(I108,2)*J108)","v":54.5972},{"$f":"ROUND(S108,2)","v":54.6},"","16","QUADROS E DISPOSITIVOS ELÉTRICOS","2","EDIFICAÇÃO",{"v":1,"d":"1.00"},{"$f":"ROUND(K108,2)*R108","v":54.6}]
["Serviço","7.20","SINAPI","91955","INTERRUPTOR PARALELO (1 MÓDULO), 10A/250V, INCLUINDO SUPORTE E PLACA - FORNECIMENTO E INSTALAÇÃO. AF_03/2023",{"$f":"R109","v":{"v":2,"d":"2.00"}},"UN",35.15,35.15,{"v":0.24,"d":"24.00%"},{"$f":"ROUND(I109,2)+(ROUND(I109,2)*J109)","v":43.586},{"$f":"ROUND(S109,2)","v":87.18},"","16","QUADROS E DISPOSITIVOS ELÉTRICOS","2","EDIFICAÇÃO",{"v":2,"d":"2.00"},{"$f":"ROUND(K109,2)*R109","v":87.18}]
["Serviço","7.21","SINAPI","91953","INTERRUPTOR SIMPLES (1 MÓDULO), 10A/250V, INCLUINDO SUPORTE E PLACA - FORNECIMENTO E INSTALAÇÃO. AF_03/2023",{"$f":"R110","v":{"v":9,"d":"9.00"}},"UN",28.9,28.9,{"v":0.24,"d":"24.00%"},{"$f":"ROUND(I110,2)+(ROUND(I110,2)*J110)","v":35.836},{"$f":"ROUND(S110,2)","v":322.56},"","16","QUADROS E DISPOSITIVOS ELÉTRICOS","2","EDIFICAÇÃO",{"v":9,"d":"9.00"},{"$f":"ROUND(K110,2)*R110","v":322.56000000000006}]
["Serviço","7.22","SINAPI","91967","INTERRUPTOR SIMPLES (3 MÓDULOS), 10A/250V, INCLUINDO SUPORTE E PLACA - FORNECIMENTO E INSTALAÇÃO. AF_03/2023",{"$f":"R111","v":{"v":1,"d":"1.00"}},"UN",59.16,59.16,{"v":0.24,"d":"24.00%"},{"$f":"ROUND(I111,2)+(ROUND(I111,2)*J111)","v":73.35839999999999},{"$f":"ROUND(S111,2)","v":73.36},"","16","QUADROS E DISPOSITIVOS ELÉTRICOS","2","EDIFICAÇÃO",{"v":1,"d":"1.00"},{"$f":"ROUND(K111,2)*R111","v":73.36}]
["Serviço","7.23","SINAPI","92023","INTERRUPTOR SIMPLES (1 MÓDULO) COM 1 TOMADA DE EMBUTIR 2P+T 10 A, INCLUINDO SUPORTE E PLACA - FORNECIMENTO E INSTALAÇÃO. AF_03/2023",{"$f":"R112","v":{"v":10,"d":"10.00"}},"UN",49.16,49.16,{"v":0.24,"d":"24.00%"},{"$f":"ROUND(I112,2)+(ROUND(I112,2)*J112)","v":60.9584},{"$f":"ROUND(S112,2)","v":609.6},"","16","QUADROS E DISPOSITIVOS ELÉTRICOS","2","EDIFICAÇÃO",{"v":10,"d":"10.00"},{"$f":"ROUND(K112,2)*R112","v":609.6}]
["Serviço","7.24","SINAPI","92008","TOMADA BAIXA DE EMBUTIR (2 MÓDULOS), 2P+T 10 A, INCLUINDO SUPORTE E PLACA - FORNECIMENTO E INSTALAÇÃO. AF_03/2023",{"$f":"R113","v":{"v":15,"d":"15.00"}},"UN",46.8,46.8,{"v":0.24,"d":"24.00%"},{"$f":"ROUND(I113,2)+(ROUND(I113,2)*J113)","v":58.032},{"$f":"ROUND(S113,2)","v":870.45},"","16","QUADROS E DISPOSITIVOS ELÉTRICOS","2","EDIFICAÇÃO",{"v":15,"d":"15.00"},{"$f":"ROUND(K113,2)*R113","v":870.45}]
["Serviço","7.25","SINAPI","92000","TOMADA BAIXA DE EMBUTIR (1 MÓDULO), 2P+T 10 A, INCLUINDO SUPORTE E PLACA - FORNECIMENTO E INSTALAÇÃO. AF_03/2023",{"$f":"R114","v":{"v":12,"d":"12.00"}},"UN",30.31,30.31,{"v":0.24,"d":"24.00%"},{"$f":"ROUND(I114,2)+(ROUND(I114,2)*J114)","v":37.584399999999995},{"$f":"ROUND(S114,2)","v":450.96},"","16","QUADROS E DISPOSITIVOS ELÉTRICOS","2","EDIFICAÇÃO",{"v":12,"d":"12.00"},{"$f":"ROUND(K114,2)*R114","v":450.96}]
["Serviço","7.26","SINAPI","92001","TOMADA BAIXA DE EMBUTIR (1 MÓDULO), 2P+T 20 A, INCLUINDO SUPORTE E PLACA - FORNECIMENTO E INSTALAÇÃO. AF_03/2023",{"$f":"R115","v":{"v":4,"d":"4.00"}},"UN",32.4,32.4,{"v":0.24,"d":"24.00%"},{"$f":"ROUND(I115,2)+(ROUND(I115,2)*J115)","v":40.176},{"$f":"ROUND(S115,2)","v":160.72},"","16","QUADROS E DISPOSITIVOS ELÉTRICOS","2","EDIFICAÇÃO",{"v":4,"d":"4.00"},{"$f":"ROUND(K115,2)*R115","v":160.72}]
["Serviço","7.27","SINAPI","101946","QUADRO DE MEDIÇÃO GERAL DE ENERGIA PARA 1 MEDIDOR DE SOBREPOR - FORNECIMENTO E INSTALAÇÃO. AF_10/2020",{"$f":"R116","v":{"v":1,"d":"1.00"}},"UN",171.59,171.59,{"v":0.24,"d":"24.00%"},{"$f":"ROUND(I116,2)+(ROUND(I116,2)*J116)","v":212.7716},{"$f":"ROUND(S116,2)","v":212.77},"","16","QUADROS E DISPOSITIVOS ELÉTRICOS","2","EDIFICAÇÃO",{"v":1,"d":"1.00"},{"$f":"ROUND(K116,2)*R116","v":212.77}]
["Serviço","7.28","SINAPI","101875","QUADRO DE DISTRIBUIÇÃO DE ENERGIA EM CHAPA DE AÇO GALVANIZADO, DE EMBUTIR, COM BARRAMENTO TRIFÁSICO, PARA 12 DISJUNTORES DIN 100A - FORNECIMENTO E INSTALAÇÃO. AF_10/2020",{"$f":"R117","v":{"v":1,"d":"1.00"}},"UN",453.81,453.81,{"v":0.24,"d":"24.00%"},{"$f":"ROUND(I117,2)+(ROUND(I117,2)*J117)","v":562.7244000000001},{"$f":"ROUND(S117,2)","v":562.72},"","16","QUADROS E DISPOSITIVOS ELÉTRICOS","2","EDIFICAÇÃO",{"v":1,"d":"1.00"},{"$f":"ROUND(K117,2)*R117","v":562.72}]
["Serviço","7.29","SINAPI","101881","QUADRO DE DISTRIBUIÇÃO DE ENERGIA EM CHAPA DE AÇO GALVANIZADO, DE EMBUTIR, COM BARRAMENTO TRIFÁSICO, PARA 40 DISJUNTORES DIN 100A - FORNECIMENTO E INSTALAÇÃO. AF_10/2020",{"$f":"R118","v":{"v":1,"d":"1.00"}},"UN",1089.1,1089.1,{"v":0.24,"d":"24.00%"},{"$f":"ROUND(I118,2)+(ROUND(I118,2)*J118)","v":1350.484},{"$f":"ROUND(S118,2)","v":1350.48},"","16","QUADROS E DISPOSITIVOS ELÉTRICOS","2","EDIFICAÇÃO",{"v":1,"d":"1.00"},{"$f":"ROUND(K118,2)*R118","v":1350.48}]
["Serviço","7.30","Composição","LUM-PLF-12W","LUMINÁRIA TIPO PLAFON QUADRADA, DE SOBREPOR, COM LED DE 12 W - FORNECIMENTO E INSTALAÇÃO. (ref. 103783)",{"$f":"R119","v":{"v":22,"d":"22.00"}},"UN",40.47,40.47,{"v":0.24,"d":"24.00%"},{"$f":"ROUND(I119,2)+(ROUND(I119,2)*J119)","v":50.1828},{"$f":"ROUND(S119,2)","v":1103.96},"","17","LUMINÁRIAS","2","EDIFICAÇÃO",{"v":22,"d":"22.00"},{"$f":"ROUND(K119,2)*R119","v":1103.96}]
["Serviço","7.31","Composição","LUM-PLF-30W","LUMINÁRIA TIPO PLAFON QUADRADA, DE SOBREPOR, COM LED DE 30 W - FORNECIMENTO E INSTALAÇÃO. (ref. 103785)",{"$f":"R120","v":{"v":30,"d":"30.00"}},"UN",156.05,156.05,{"v":0.24,"d":"24.00%"},{"$f":"ROUND(I120,2)+(ROUND(I120,2)*J120)","v":193.502},{"$f":"ROUND(S120,2)","v":5805},"","17","LUMINÁRIAS","2","EDIFICAÇÃO",{"v":30,"d":"30.00"},{"$f":"ROUND(K120,2)*R120","v":5805}]
["Serviço","7.32","Composição","LUM-RFL-100W","LUMINÁRIA TIPO REFLETOR LED DE 100 W - FORNECIMENTO E INSTALAÇÃO. (ref. 103785)",{"$f":"R121","v":{"v":7,"d":"7.00"}},"UN",66.43,66.43,{"v":0.24,"d":"24.00%"},{"$f":"ROUND(I121,2)+(ROUND(I121,2)*J121)","v":82.37320000000001},{"$f":"ROUND(S121,2)","v":576.59},"","17","LUMINÁRIAS","2","EDIFICAÇÃO",{"v":7,"d":"7.00"},{"$f":"ROUND(K121,2)*R121","v":576.59}]
["Serviço","7.33","SINAPI","91940","CAIXA RETANGULAR 4\" X 2\" MÉDIA (1,30 M DO PISO), PVC, INSTALADA EM PAREDE - FORNECIMENTO E INSTALAÇÃO. AF_03/2023",{"$f":"R122","v":{"v":59,"d":"59.00"}},"UN",17.92,17.92,{"v":0.24,"d":"24.00%"},{"$f":"ROUND(I122,2)+(ROUND(I122,2)*J122)","v":22.220800000000004},{"$f":"ROUND(S122,2)","v":1310.98},"","15","ELETRODUTOS E CAIXAS","2","EDIFICAÇÃO",{"v":59,"d":"59.00"},{"$f":"ROUND(K122,2)*R122","v":1310.98}]
["Serviço","7.34","SINAPI","91937","CAIXA OCTOGONAL 3\" X 3\", PVC, INSTALADA EM LAJE - FORNECIMENTO E INSTALAÇÃO. AF_03/2023",{"$f":"R123","v":{"v":52,"d":"52.00"}},"UN",15.83,15.83,{"v":0.24,"d":"24.00%"},{"$f":"ROUND(I123,2)+(ROUND(I123,2)*J123)","v":19.6292},{"$f":"ROUND(S123,2)","v":1020.76},"","15","ELETRODUTOS E CAIXAS","2","EDIFICAÇÃO",{"v":52,"d":"52.00"},{"$f":"ROUND(K123,2)*R123","v":1020.76}]
["Serviço","7.35","SINAPI","97886","CAIXA ENTERRADA ELÉTRICA RETANGULAR, EM ALVENARIA COM TIJOLOS CERÂMICOS MACIÇOS, FUNDO COM BRITA, DIMENSÕES INTERNAS: 0,3X0,3X0,3 M. AF_12/2020",{"$f":"R124","v":{"v":6,"d":"6.00"}},"UN",173.2,173.2,{"v":0.24,"d":"24.00%"},{"$f":"ROUND(I124,2)+(ROUND(I124,2)*J124)","v":214.76799999999997},{"$f":"ROUND(S124,2)","v":1288.62},"","15","ELETRODUTOS E CAIXAS","2","EDIFICAÇÃO",{"v":6,"d":"6.00"},{"$f":"ROUND(K124,2)*R124","v":1288.6200000000001}]
["Macrosserviço","8","","","INSTALAÇÕES CABEAMENTO ESTRUTURADO (APENAS INFRAESTRUTURA)","","","","","","",{"$f":"ROUND(L126,2)+ROUND(L127,2)+ROUND(L128,2)+ROUND(L129,2)","v":1393.44},"","","","","","",""]
["Serviço","8.1","SINAPI","91940","CAIXA RETANGULAR 4\" X 2\" MÉDIA (1,30 M DO PISO), PVC, INSTALADA EM PAREDE - FORNECIMENTO E INSTALAÇÃO. AF_03/2023",{"$f":"R126","v":{"v":5,"d":"5.00"}},"UN",17.92,17.92,{"v":0.24,"d":"24.00%"},{"$f":"ROUND(I126,2)+(ROUND(I126,2)*J126)","v":22.220800000000004},{"$f":"ROUND(S126,2)","v":111.1},"","15","ELETRODUTOS E CAIXAS","2","EDIFICAÇÃO",{"v":5,"d":"5.00"},{"$f":"ROUND(K126,2)*R126","v":111.1}]
["Serviço","8.2","SINAPI","100556","CAIXA DE PASSAGEM PARA TELEFONE 15X15X10CM (SOBREPOR), FORNECIMENTO E INSTALACAO. AF_11/2019",{"$f":"R127","v":{"v":3,"d":"3.00"}},"UN",43.82,43.82,{"v":0.24,"d":"24.00%"},{"$f":"ROUND(I127,2)+(ROUND(I127,2)*J127)","v":54.3368},{"$f":"ROUND(S127,2)","v":163.02},"","15","ELETRODUTOS E CAIXAS","2","EDIFICAÇÃO",{"v":3,"d":"3.00"},{"$f":"ROUND(K127,2)*R127","v":163.02}]
["Serviço","8.3","SINAPI","91847","ELETRODUTO FLEXÍVEL CORRUGADO REFORÇADO, PVC, DN 32 MM (1\"), PARA CIRCUITOS TERMINAIS, INSTALADO EM LAJE - FORNECIMENTO E INSTALAÇÃO. AF_03/2023",{"$f":"R128","v":{"v":53.3,"d":"53.30"}},"M",12.75,12.75,{"v":0.24,"d":"24.00%"},{"$f":"ROUND(I128,2)+(ROUND(I128,2)*J128)","v":15.81},{"$f":"ROUND(S128,2)","v":842.67},"","15","ELETRODUTOS E CAIXAS","2","EDIFICAÇÃO",{"v":53.3,"d":"53.30"},{"$f":"ROUND(K128,2)*R128","v":842.673}]
["Serviço","8.4","SINAPI","98307","TOMADA DE REDE RJ45 - FORNECIMENTO E INSTALAÇÃO. AF_11/2019",{"$f":"R129","v":{"v":5,"d":"5.00"}},"UN",44.62,44.62,{"v":0.24,"d":"24.00%"},{"$f":"ROUND(I129,2)+(ROUND(I129,2)*J129)","v":55.328799999999994},{"$f":"ROUND(S129,2)","v":276.65},"","16","QUADROS E DISPOSITIVOS ELÉTRICOS","2","EDIFICAÇÃO",{"v":5,"d":"5.00"},{"$f":"ROUND(K129,2)*R129","v":276.65}]
["Macrosserviço","9","","","INSTALAÇÕES HIDRÁULICAS","","","","","","",{"$f":"ROUND(L131,2)+ROUND(L132,2)+ROUND(L133,2)+ROUND(L134,2)+ROUND(L135,2)+ROUND(L136,2)+ROUND(L137,2)+ROUND(L138,2)+ROUND(L139,2)+ROUND(L140,2)+ROUND(L141,2)+ROUND(L142,2)+ROUND(L143,2)+ROUND(L144,2)+ROUND(L145,2)+ROUND(L146,2)+ROUND(L147,2)+ROUND(L148,2)+ROUND(L149,2)+ROUND(L150,2)+ROUND(L151,2)+ROUND(L152,2)+ROUND(L153,2)+ROUND(L154,2)+ROUND(L155,2)+ROUND(L156,2)+ROUND(L157,2)+ROUND(L158,2)+ROUND(L159,2)+ROUND(L160,2)+ROUND(L161,2)+ROUND(L162,2)+ROUND(L163,2)+ROUND(L164,2)+ROUND(L165,2)+ROUND(L166,2)+ROUND(L167,2)+ROUND(L168,2)+ROUND(L169,2)+ROUND(L170,2)+ROUND(L171,2)+ROUND(L172,2)+ROUND(L173,2)+ROUND(L174,2)","v":19121.34},"","","","","","",""]
["Serviço","9.1","SINAPI","89987","REGISTRO DE GAVETA BRUTO, LATÃO, ROSCÁVEL, 3/4\", COM ACABAMENTO E CANOPLA CROMADOS - FORNECIMENTO E INSTALAÇÃO. AF_08/2021",{"$f":"R131","v":{"v":16,"d":"16.00"}},"UN",87.74,87.74,{"v":0.24,"d":"24.00%"},{"$f":"ROUND(I131,2)+(ROUND(I131,2)*J131)","v":108.79759999999999},{"$f":"ROUND(S131,2)","v":1740.8},"","18","HIDRÁULICA - TÉRREO","2","EDIFICAÇÃO",{"v":16,"d":"16.00"},{"$f":"ROUND(K131,2)*R131","v":1740.8}]
["Serviço","9.2","SINAPI","89351","REGISTRO DE PRESSÃO BRUTO, LATÃO, ROSCÁVEL, 3/4'' - FORNECIMENTO E INSTALAÇÃO. AF_08/2021",{"$f":"R132","v":{"v":6,"d":"6.00"}},"UN",30.75,30.75,{"v":0.24,"d":"24.00%"},{"$f":"ROUND(I132,2)+(ROUND(I132,2)*J132)","v":38.13},{"$f":"ROUND(S132,2)","v":228.78},"","18","HIDRÁULICA - TÉRREO","2","EDIFICAÇÃO",{"v":6,"d":"6.00"},{"$f":"ROUND(K132,2)*R132","v":228.78000000000003}]
["Serviço","9.3","SINAPI","89383","ADAPTADOR CURTO COM BOLSA E ROSCA PARA REGISTRO, PVC, SOLDÁVEL, DN 25MM X 3/4, INSTALADO EM RAMAL OU SUB-RAMAL DE ÁGUA - FORNECIMENTO E INSTALAÇÃO. AF_06/2022",{"$f":"R133","v":{"v":38,"d":"38.00"}},"UN",6.53,6.53,{"v":0.24,"d":"24.00%"},{"$f":"ROUND(I133,2)+(ROUND(I133,2)*J133)","v":8.0972},{"$f":"ROUND(S133,2)","v":307.8},"","18","HIDRÁULICA - TÉRREO","2","EDIFICAÇÃO",{"v":38,"d":"38.00"},{"$f":"ROUND(K133,2)*R133","v":307.8}]
["Serviço","9.4","SINAPI","89362","JOELHO 90 GRAUS, PVC, SOLDÁVEL, DN 25MM, INSTALADO EM RAMAL OU SUB-RAMAL DE ÁGUA - FORNECIMENTO E INSTALAÇÃO. AF_06/2022",{"$f":"R134","v":{"v":35,"d":"35.00"}},"UN",9.34,9.34,{"v":0.24,"d":"24.00%"},{"$f":"ROUND(I134,2)+(ROUND(I134,2)*J134)","v":11.5816},{"$f":"ROUND(S134,2)","v":405.3},"","18","HIDRÁULICA - TÉRREO","2","EDIFICAÇÃO",{"v":35,"d":"35.00"},{"$f":"ROUND(K134,2)*R134","v":405.3}]
["Serviço","9.5","SINAPI","89378","LUVA, PVC, SOLDÁVEL, DN 25MM, INSTALADO EM RAMAL OU SUB-RAMAL DE ÁGUA - FORNECIMENTO E INSTALAÇÃO. AF_06/2022",{"$f":"R135","v":{"v":16,"d":"16.00"}},"UN",6.97,6.97,{"v":0.24,"d":"24.00%"},{"$f":"ROUND(I135,2)+(ROUND(I135,2)*J135)","v":8.6428},{"$f":"ROUND(S135,2)","v":138.24},"","18","HIDRÁULICA - TÉRREO","2","EDIFICAÇÃO",{"v":16,"d":"16.00"},{"$f":"ROUND(K135,2)*R135","v":138.24}]
["Serviço","9.6","SINAPI","89356","TUBO, PVC, SOLDÁVEL, DE 25MM, INSTALADO EM RAMAL OU SUB-RAMAL DE ÁGUA - FORNECIMENTO E INSTALAÇÃO. AF_06/2022",{"$f":"R136","v":72.06},"M",22.68,22.68,{"v":0.24,"d":"24.00%"},{"$f":"ROUND(I136,2)+(ROUND(I136,2)*J136)","v":28.1232},{"$f":"ROUND(S136,2)","v":2026.33},"","18","HIDRÁULICA - TÉRREO","2","EDIFICAÇÃO",72.06,{"$f":"ROUND(K136,2)*R136","v":2026.3272000000002}]
["Serviço","9.7","SINAPI","89395","TE, PVC, SOLDÁVEL, DN 25MM, INSTALADO EM RAMAL OU SUB-RAMAL DE ÁGUA - FORNECIMENTO E INSTALAÇÃO. AF_06/2022",{"$f":"R137","v":{"v":19,"d":"19.00"}},"UN",12.89,12.89,{"v":0.24,"d":"24.00%"},{"$f":"ROUND(I137,2)+(ROUND(I137,2)*J137)","v":15.983600000000001},{"$f":"ROUND(S137,2)","v":303.62},"","18","HIDRÁULICA - TÉRREO","2","EDIFICAÇÃO",{"v":19,"d":"19.00"},{"$f":"ROUND(K137,2)*R137","v":303.62}]
["Serviço","9.8","SINAPI","89366","JOELHO 90 GRAUS COM BUCHA DE LATÃO, PVC, SOLDÁVEL, DN 25MM, X 3/4 INSTALADO EM RAMAL OU SUB-RAMAL DE ÁGUA - FORNECIMENTO E INSTALAÇÃO. AF_06/2022",{"$f":"R138","v":{"v":18,"d":"18.00"}},"UN",15.6,15.6,{"v":0.24,"d":"24.00%"},{"$f":"ROUND(I138,2)+(ROUND(I138,2)*J138)","v":19.344},{"$f":"ROUND(S138,2)","v":348.12},"","18","HIDRÁULICA - TÉRREO","2","EDIFICAÇÃO",{"v":18,"d":"18.00"},{"$f":"ROUND(K138,2)*R138","v":348.12}]
["Serviço","9.9","SINAPI","90373","JOELHO 90 GRAUS COM BUCHA DE LATÃO, PVC, SOLDÁVEL, DN 25MM, X 1/2 INSTALADO EM RAMAL OU SUB-RAMAL DE ÁGUA - FORNECIMENTO E INSTALAÇÃO. AF_06/2022",{"$f":"R139","v":{"v":17,"d":"17.00"}},"UN",12.53,12.53,{"v":0.24,"d":"24.00%"},{"$f":"ROUND(I139,2)+(ROUND(I139,2)*J139)","v":15.537199999999999},{"$f":"ROUND(S139,2)","v":264.18},"","18","HIDRÁULICA - TÉRREO","2","EDIFICAÇÃO",{"v":17,"d":"17.00"},{"$f":"ROUND(K139,2)*R139","v":264.18}]
["Serviço","9.10","SINAPI","104056","REGISTRO ESFERA, PVC, COM ROSCA, 1/2\", PARA LIGAÇÃO PREDIAL DE ÁGUA. AF_06/2022",{"$f":"R140","v":{"v":1,"d":"1.00"}},"UN",17.67,17.67,{"v":0.24,"d":"24.00%"},{"$f":"ROUND(I140,2)+(ROUND(I140,2)*J140)","v":21.910800000000002},{"$f":"ROUND(S140,2)","v":21.91},"","20","HIDRÁULICA - ALIMENTAÇÃO","2","EDIFICAÇÃO",{"v":1,"d":"1.00"},{"$f":"ROUND(K140,2)*R140","v":21.91}]
["Serviço","9.11","SINAPI","89353","REGISTRO DE GAVETA BRUTO, LATÃO, ROSCÁVEL, 3/4\" - FORNECIMENTO E INSTALAÇÃO. AF_08/2021",{"$f":"R141","v":{"v":2,"d":"2.00"}},"UN",36.99,36.99,{"v":0.24,"d":"24.00%"},{"$f":"ROUND(I141,2)+(ROUND(I141,2)*J141)","v":45.8676},{"$f":"ROUND(S141,2)","v":91.74},"","20","HIDRÁULICA - ALIMENTAÇÃO","2","EDIFICAÇÃO",{"v":2,"d":"2.00"},{"$f":"ROUND(K141,2)*R141","v":91.74}]
["Serviço","9.12","SINAPI","94489","REGISTRO DE ESFERA, PVC, SOLDÁVEL, COM VOLANTE, DN 25 MM - FORNECIMENTO E INSTALAÇÃO. AF_08/2021",{"$f":"R142","v":{"v":1,"d":"1.00"}},"UN",24.09,24.09,{"v":0.24,"d":"24.00%"},{"$f":"ROUND(I142,2)+(ROUND(I142,2)*J142)","v":29.8716},{"$f":"ROUND(S142,2)","v":29.87},"","20","HIDRÁULICA - ALIMENTAÇÃO","2","EDIFICAÇÃO",{"v":1,"d":"1.00"},{"$f":"ROUND(K142,2)*R142","v":29.87}]
["Serviço","9.13","SINAPI","103041","REGISTRO DE ESFERA, PVC, ROSCÁVEL, COM BORBOLETA, 1/2\" - FORNECIMENTO E INSTALAÇÃO. AF_08/2021",{"$f":"R143","v":{"v":1,"d":"1.00"}},"UN",15.78,15.78,{"v":0.24,"d":"24.00%"},{"$f":"ROUND(I143,2)+(ROUND(I143,2)*J143)","v":19.5672},{"$f":"ROUND(S143,2)","v":19.57},"","20","HIDRÁULICA - ALIMENTAÇÃO","2","EDIFICAÇÃO",{"v":1,"d":"1.00"},{"$f":"ROUND(K143,2)*R143","v":19.57}]
["Serviço","9.14","SINAPI","99628","VÁLVULA DE RETENÇÃO VERTICAL, DE BRONZE, ROSCÁVEL, 3/4\" - FORNECIMENTO E INSTALAÇÃO. AF_08/2021",{"$f":"R144","v":{"v":1,"d":"1.00"}},"UN",92.78,92.78,{"v":0.24,"d":"24.00%"},{"$f":"ROUND(I144,2)+(ROUND(I144,2)*J144)","v":115.0472},{"$f":"ROUND(S144,2)","v":115.05},"","20","HIDRÁULICA - ALIMENTAÇÃO","2","EDIFICAÇÃO",{"v":1,"d":"1.00"},{"$f":"ROUND(K144,2)*R144","v":115.05}]
["Serviço","9.15","SINAPI","104031","COLAR DE TOMADA, PVC, COM TRAVAS, DE 60 MM X 1/2\" OU 60 MM X 3/4\", PARA LIGAÇÃO PREDIAL DE ÁGUA. AF_06/2022",{"$f":"R145","v":{"v":1,"d":"1.00"}},"UN",16.57,16.57,{"v":0.24,"d":"24.00%"},{"$f":"ROUND(I145,2)+(ROUND(I145,2)*J145)","v":20.5468},{"$f":"ROUND(S145,2)","v":20.55},"","20","HIDRÁULICA - ALIMENTAÇÃO","2","EDIFICAÇÃO",{"v":1,"d":"1.00"},{"$f":"ROUND(K145,2)*R145","v":20.55}]
["Serviço","9.16","SINAPI","103952","BUCHA DE REDUÇÃO, CURTA, PVC, SOLDÁVEL, DN 25 X 20 MM, INSTALADO EM RAMAL DE DISTRIBUIÇÃO DE ÁGUA - FORNECIMENTO E INSTALAÇÃO. AF_06/2022",{"$f":"R146","v":{"v":4,"d":"4.00"}},"UN",5.75,5.75,{"v":0.24,"d":"24.00%"},{"$f":"ROUND(I146,2)+(ROUND(I146,2)*J146)","v":7.13},{"$f":"ROUND(S146,2)","v":28.52},"","20","HIDRÁULICA - ALIMENTAÇÃO","2","EDIFICAÇÃO",{"v":4,"d":"4.00"},{"$f":"ROUND(K146,2)*R146","v":28.52}]
["Serviço","9.17","SINAPI","90373","JOELHO 90 GRAUS COM BUCHA DE LATÃO, PVC, SOLDÁVEL, DN 25MM, X 1/2 INSTALADO EM RAMAL OU SUB-RAMAL DE ÁGUA - FORNECIMENTO E INSTALAÇÃO. AF_06/2022",{"$f":"R147","v":{"v":4,"d":"4.00"}},"UN",12.53,12.53,{"v":0.24,"d":"24.00%"},{"$f":"ROUND(I147,2)+(ROUND(I147,2)*J147)","v":15.537199999999999},{"$f":"ROUND(S147,2)","v":62.16},"","20","HIDRÁULICA - ALIMENTAÇÃO","2","EDIFICAÇÃO",{"v":4,"d":"4.00"},{"$f":"ROUND(K147,2)*R147","v":62.16}]
["Serviço","9.18","SINAPI","94783","ADAPTADOR COM FLANGE E ANEL DE VEDAÇÃO, PVC, SOLDÁVEL, DN 20 MM X 1/2\", INSTALADO EM RESERVAÇÃO PREDIAL DE ÁGUA - FORNECIMENTO E INSTALAÇÃO. AF_04/2024",{"$f":"R148","v":{"v":1,"d":"1.00"}},"UN",17.46,17.46,{"v":0.24,"d":"24.00%"},{"$f":"ROUND(I148,2)+(ROUND(I148,2)*J148)","v":21.6504},{"$f":"ROUND(S148,2)","v":21.65},"","20","HIDRÁULICA - ALIMENTAÇÃO","2","EDIFICAÇÃO",{"v":1,"d":"1.00"},{"$f":"ROUND(K148,2)*R148","v":21.65}]
["Serviço","9.19","SINAPI","94703","ADAPTADOR COM FLANGE E ANEL DE VEDAÇÃO, PVC, SOLDÁVEL, DN 25 MM X 3/4\", INSTALADO EM RESERVAÇÃO PREDIAL DE ÁGUA - FORNECIMENTO E INSTALAÇÃO. AF_04/2024",{"$f":"R149","v":{"v":1,"d":"1.00"}},"UN",18.7,18.7,{"v":0.24,"d":"24.00%"},{"$f":"ROUND(I149,2)+(ROUND(I149,2)*J149)","v":23.188},{"$f":"ROUND(S149,2)","v":23.19},"","20","HIDRÁULICA - ALIMENTAÇÃO","2","EDIFICAÇÃO",{"v":1,"d":"1.00"},{"$f":"ROUND(K149,2)*R149","v":23.19}]
["Serviço","9.20","SINAPI","89376","ADAPTADOR CURTO COM BOLSA E ROSCA PARA REGISTRO, PVC, SOLDÁVEL, DN 20MM X 1/2, INSTALADO EM RAMAL OU SUB-RAMAL DE ÁGUA - FORNECIMENTO E INSTALAÇÃO. AF_06/2022",{"$f":"R150","v":{"v":2,"d":"2.00"}},"UN",5.6,5.6,{"v":0.24,"d":"24.00%"},{"$f":"ROUND(I150,2)+(ROUND(I150,2)*J150)","v":6.943999999999999},{"$f":"ROUND(S150,2)","v":13.88},"","20","HIDRÁULICA - ALIMENTAÇÃO","2","EDIFICAÇÃO",{"v":2,"d":"2.00"},{"$f":"ROUND(K150,2)*R150","v":13.88}]
["Serviço","9.21","SINAPI","89383","ADAPTADOR CURTO COM BOLSA E ROSCA PARA REGISTRO, PVC, SOLDÁVEL, DN 25MM X 3/4, INSTALADO EM RAMAL OU SUB-RAMAL DE ÁGUA - FORNECIMENTO E INSTALAÇÃO. AF_06/2022",{"$f":"R151","v":{"v":6,"d":"6.00"}},"UN",6.53,6.53,{"v":0.24,"d":"24.00%"},{"$f":"ROUND(I151,2)+(ROUND(I151,2)*J151)","v":8.0972},{"$f":"ROUND(S151,2)","v":48.6},"","20","HIDRÁULICA - ALIMENTAÇÃO","2","EDIFICAÇÃO",{"v":6,"d":"6.00"},{"$f":"ROUND(K151,2)*R151","v":48.599999999999994}]
["Serviço","9.22","SINAPI","89358","JOELHO 90 GRAUS, PVC, SOLDÁVEL, DN 20MM, INSTALADO EM RAMAL OU SUB-RAMAL DE ÁGUA - FORNECIMENTO E INSTALAÇÃO. AF_06/2022",{"$f":"R152","v":{"v":1,"d":"1.00"}},"UN",7.82,7.82,{"v":0.24,"d":"24.00%"},{"$f":"ROUND(I152,2)+(ROUND(I152,2)*J152)","v":9.6968},{"$f":"ROUND(S152,2)","v":9.7},"","20","HIDRÁULICA - ALIMENTAÇÃO","2","EDIFICAÇÃO",{"v":1,"d":"1.00"},{"$f":"ROUND(K152,2)*R152","v":9.7}]
["Serviço","9.23","SINAPI","89362","JOELHO 90 GRAUS, PVC, SOLDÁVEL, DN 25MM, INSTALADO EM RAMAL OU SUB-RAMAL DE ÁGUA - FORNECIMENTO E INSTALAÇÃO. AF_06/2022",{"$f":"R153","v":{"v":10,"d":"10.00"}},"UN",9.34,9.34,{"v":0.24,"d":"24.00%"},{"$f":"ROUND(I153,2)+(ROUND(I153,2)*J153)","v":11.5816},{"$f":"ROUND(S153,2)","v":115.8},"","20","HIDRÁULICA - ALIMENTAÇÃO","2","EDIFICAÇÃO",{"v":10,"d":"10.00"},{"$f":"ROUND(K153,2)*R153","v":115.8}]
["Serviço","9.24","SINAPI","89355","TUBO, PVC, SOLDÁVEL, DE 20MM, INSTALADO EM RAMAL OU SUB-RAMAL DE ÁGUA - FORNECIMENTO E INSTALAÇÃO. AF_06/2022",{"$f":"R154","v":31.85},"M",19.67,19.67,{"v":0.24,"d":"24.00%"},{"$f":"ROUND(I154,2)+(ROUND(I154,2)*J154)","v":24.390800000000002},{"$f":"ROUND(S154,2)","v":776.82},"","20","HIDRÁULICA - ALIMENTAÇÃO","2","EDIFICAÇÃO",31.85,{"$f":"ROUND(K154,2)*R154","v":776.8215}]
["Serviço","9.25","SINAPI","89356","TUBO, PVC, SOLDÁVEL, DE 25MM, INSTALADO EM RAMAL OU SUB-RAMAL DE ÁGUA - FORNECIMENTO E INSTALAÇÃO. AF_06/2022",{"$f":"R155","v":33.56},"M",22.68,22.68,{"v":0.24,"d":"24.00%"},{"$f":"ROUND(I155,2)+(ROUND(I155,2)*J155)","v":28.1232},{"$f":"ROUND(S155,2)","v":943.71},"","20","HIDRÁULICA - ALIMENTAÇÃO","2","EDIFICAÇÃO",33.56,{"$f":"ROUND(K155,2)*R155","v":943.7072000000001}]
["Serviço","9.26","SINAPI","89393","TE, PVC, SOLDÁVEL, DN 20MM, INSTALADO EM RAMAL OU SUB-RAMAL DE ÁGUA - FORNECIMENTO E INSTALAÇÃO. AF_06/2022",{"$f":"R156","v":{"v":1,"d":"1.00"}},"UN",10.86,10.86,{"v":0.24,"d":"24.00%"},{"$f":"ROUND(I156,2)+(ROUND(I156,2)*J156)","v":13.4664},{"$f":"ROUND(S156,2)","v":13.47},"","20","HIDRÁULICA - ALIMENTAÇÃO","2","EDIFICAÇÃO",{"v":1,"d":"1.00"},{"$f":"ROUND(K156,2)*R156","v":13.47}]
["Serviço","9.27","SINAPI","89395","TE, PVC, SOLDÁVEL, DN 25MM, INSTALADO EM RAMAL OU SUB-RAMAL DE ÁGUA - FORNECIMENTO E INSTALAÇÃO. AF_06/2022",{"$f":"R157","v":{"v":1,"d":"1.00"}},"UN",12.89,12.89,{"v":0.24,"d":"24.00%"},{"$f":"ROUND(I157,2)+(ROUND(I157,2)*J157)","v":15.983600000000001},{"$f":"ROUND(S157,2)","v":15.98},"","20","HIDRÁULICA - ALIMENTAÇÃO","2","EDIFICAÇÃO",{"v":1,"d":"1.00"},{"$f":"ROUND(K157,2)*R157","v":15.98}]
["Serviço","9.28","SINAPI","102111","BOMBA CENTRÍFUGA, MONOFÁSICA, 0,5 CV OU 0,49 HP, HM 6 A 20 M, Q 1,2 A 8,3 M3/H - FORNECIMENTO E INSTALAÇÃO. AF_12/2020",{"$f":"R158","v":{"v":1,"d":"1.00"}},"UN",971.13,971.13,{"v":0.24,"d":"24.00%"},{"$f":"ROUND(I158,2)+(ROUND(I158,2)*J158)","v":1204.2012},{"$f":"ROUND(S158,2)","v":1204.2},"","20","HIDRÁULICA - ALIMENTAÇÃO","2","EDIFICAÇÃO",{"v":1,"d":"1.00"},{"$f":"ROUND(K158,2)*R158","v":1204.2}]
["Serviço","9.29","SINAPI","94492","REGISTRO DE ESFERA, PVC, SOLDÁVEL, COM VOLANTE, DN 50 MM - FORNECIMENTO E INSTALAÇÃO. AF_08/2021",{"$f":"R159","v":{"v":4,"d":"4.00"}},"UN",49.23,49.23,{"v":0.24,"d":"24.00%"},{"$f":"ROUND(I159,2)+(ROUND(I159,2)*J159)","v":61.045199999999994},{"$f":"ROUND(S159,2)","v":244.2},"","19","HIDRÁULICA - COBERTURA","2","EDIFICAÇÃO",{"v":4,"d":"4.00"},{"$f":"ROUND(K159,2)*R159","v":244.2}]
["Serviço","9.30","SINAPI","94704","ADAPTADOR COM FLANGE E ANEL DE VEDAÇÃO, PVC, SOLDÁVEL, DN 32 MM X 1\", INSTALADO EM RESERVAÇÃO PREDIAL DE ÁGUA - FORNECIMENTO E INSTALAÇÃO. AF_04/2024",{"$f":"R160","v":{"v":2,"d":"2.00"}},"UN",24.98,24.98,{"v":0.24,"d":"24.00%"},{"$f":"ROUND(I160,2)+(ROUND(I160,2)*J160)","v":30.9752},{"$f":"ROUND(S160,2)","v":61.96},"","19","HIDRÁULICA - COBERTURA","2","EDIFICAÇÃO",{"v":2,"d":"2.00"},{"$f":"ROUND(K160,2)*R160","v":61.96}]
["Serviço","9.31","SINAPI","94706","ADAPTADOR COM FLANGE E ANEL DE VEDAÇÃO, PVC, SOLDÁVEL, DN 50 MM X 1 1/2\", INSTALADO EM RESERVAÇÃO PREDIAL DE ÁGUA - FORNECIMENTO E INSTALAÇÃO. AF_04/2024",{"$f":"R161","v":{"v":5,"d":"5.00"}},"UN",33.49,33.49,{"v":0.24,"d":"24.00%"},{"$f":"ROUND(I161,2)+(ROUND(I161,2)*J161)","v":41.5276},{"$f":"ROUND(S161,2)","v":207.65},"","19","HIDRÁULICA - COBERTURA","2","EDIFICAÇÃO",{"v":5,"d":"5.00"},{"$f":"ROUND(K161,2)*R161","v":207.65}]
["Serviço","9.32","SINAPI","103999","BUCHA DE REDUÇÃO, LONGA, PVC, SOLDÁVEL, DN 50 X 25 MM, INSTALADO EM RAMAL DE DISTRIBUIÇÃO DE ÁGUA - FORNECIMENTO E INSTALAÇÃO. AF_06/2022",{"$f":"R162","v":{"v":3,"d":"3.00"}},"UN",12.19,12.19,{"v":0.24,"d":"24.00%"},{"$f":"ROUND(I162,2)+(ROUND(I162,2)*J162)","v":15.115599999999999},{"$f":"ROUND(S162,2)","v":45.36},"","19","HIDRÁULICA - COBERTURA","2","EDIFICAÇÃO",{"v":3,"d":"3.00"},{"$f":"ROUND(K162,2)*R162","v":45.36}]
["Serviço","9.33","SINAPI","89362","JOELHO 90 GRAUS, PVC, SOLDÁVEL, DN 25MM, INSTALADO EM RAMAL OU SUB-RAMAL DE ÁGUA - FORNECIMENTO E INSTALAÇÃO. AF_06/2022",{"$f":"R163","v":{"v":25,"d":"25.00"}},"UN",9.34,9.34,{"v":0.24,"d":"24.00%"},{"$f":"ROUND(I163,2)+(ROUND(I163,2)*J163)","v":11.5816},{"$f":"ROUND(S163,2)","v":289.5},"","19","HIDRÁULICA - COBERTURA","2","EDIFICAÇÃO",{"v":25,"d":"25.00"},{"$f":"ROUND(K163,2)*R163","v":289.5}]
["Serviço","9.34","SINAPI","89367","JOELHO 90 GRAUS, PVC, SOLDÁVEL, DN 32MM, INSTALADO EM RAMAL OU SUB-RAMAL DE ÁGUA - FORNECIMENTO E INSTALAÇÃO. AF_06/2022",{"$f":"R164","v":{"v":2,"d":"2.00"}},"UN",12.8,12.8,{"v":0.24,"d":"24.00%"},{"$f":"ROUND(I164,2)+(ROUND(I164,2)*J164)","v":15.872},{"$f":"ROUND(S164,2)","v":31.74},"","19","HIDRÁULICA - COBERTURA","2","EDIFICAÇÃO",{"v":2,"d":"2.00"},{"$f":"ROUND(K164,2)*R164","v":31.74}]
["Serviço","9.35","SINAPI","103984","JOELHO 90 GRAUS, PVC, SOLDÁVEL, DN 50MM, INSTALADO EM RAMAL DE DISTRIBUIÇÃO DE ÁGUA - FORNECIMENTO E INSTALAÇÃO. AF_06/2022",{"$f":"R165","v":{"v":5,"d":"5.00"}},"UN",19.08,19.08,{"v":0.24,"d":"24.00%"},{"$f":"ROUND(I165,2)+(ROUND(I165,2)*J165)","v":23.6592},{"$f":"ROUND(S165,2)","v":118.3},"","19","HIDRÁULICA - COBERTURA","2","EDIFICAÇÃO",{"v":5,"d":"5.00"},{"$f":"ROUND(K165,2)*R165","v":118.3}]
["Serviço","9.36","SINAPI","89356","TUBO, PVC, SOLDÁVEL, DE 25MM, INSTALADO EM RAMAL OU SUB-RAMAL DE ÁGUA - FORNECIMENTO E INSTALAÇÃO. AF_06/2022",{"$f":"R166","v":{"v":48,"d":"48.00"}},"M",22.68,22.68,{"v":0.24,"d":"24.00%"},{"$f":"ROUND(I166,2)+(ROUND(I166,2)*J166)","v":28.1232},{"$f":"ROUND(S166,2)","v":1349.76},"","19","HIDRÁULICA - COBERTURA","2","EDIFICAÇÃO",{"v":48,"d":"48.00"},{"$f":"ROUND(K166,2)*R166","v":1349.76}]
["Serviço","9.37","SINAPI","89357","TUBO, PVC, SOLDÁVEL, DE 32MM, INSTALADO EM RAMAL OU SUB-RAMAL DE ÁGUA - FORNECIMENTO E INSTALAÇÃO. AF_06/2022",{"$f":"R167","v":1.94},"M",31.02,31.02,{"v":0.24,"d":"24.00%"},{"$f":"ROUND(I167,2)+(ROUND(I167,2)*J167)","v":38.4648},{"$f":"ROUND(S167,2)","v":74.61},"","19","HIDRÁULICA - COBERTURA","2","EDIFICAÇÃO",1.94,{"$f":"ROUND(K167,2)*R167","v":74.6124}]
["Serviço","9.38","SINAPI","103979","TUBO, PVC, SOLDÁVEL, DE 50MM, INSTALADO EM RAMAL DE DISTRIBUIÇÃO DE ÁGUA - FORNECIMENTO E INSTALAÇÃO. AF_06/2022",{"$f":"R168","v":24.71},"M",28.31,28.31,{"v":0.24,"d":"24.00%"},{"$f":"ROUND(I168,2)+(ROUND(I168,2)*J168)","v":35.1044},{"$f":"ROUND(S168,2)","v":867.32},"","19","HIDRÁULICA - COBERTURA","2","EDIFICAÇÃO",24.71,{"$f":"ROUND(K168,2)*R168","v":867.321}]
["Serviço","9.39","SINAPI","89395","TE, PVC, SOLDÁVEL, DN 25MM, INSTALADO EM RAMAL OU SUB-RAMAL DE ÁGUA - FORNECIMENTO E INSTALAÇÃO. AF_06/2022",{"$f":"R169","v":{"v":3,"d":"3.00"}},"UN",12.89,12.89,{"v":0.24,"d":"24.00%"},{"$f":"ROUND(I169,2)+(ROUND(I169,2)*J169)","v":15.983600000000001},{"$f":"ROUND(S169,2)","v":47.94},"","19","HIDRÁULICA - COBERTURA","2","EDIFICAÇÃO",{"v":3,"d":"3.00"},{"$f":"ROUND(K169,2)*R169","v":47.94}]
["Serviço","9.40","SINAPI","104004","TE, PVC, SOLDÁVEL, DN 50MM, INSTALADO EM RAMAL DE DISTRIBUIÇÃO DE ÁGUA - FORNECIMENTO E INSTALAÇÃO. AF_06/2022",{"$f":"R170","v":{"v":2,"d":"2.00"}},"UN",28.85,28.85,{"v":0.24,"d":"24.00%"},{"$f":"ROUND(I170,2)+(ROUND(I170,2)*J170)","v":35.774},{"$f":"ROUND(S170,2)","v":71.54},"","19","HIDRÁULICA - COBERTURA","2","EDIFICAÇÃO",{"v":2,"d":"2.00"},{"$f":"ROUND(K170,2)*R170","v":71.54}]
["Serviço","9.41","SINAPI","104006","TÊ DE REDUÇÃO, PVC, SOLDÁVEL, DN 50MM X 25MM, INSTALADO EM RAMAL DE DISTRIBUIÇÃO DE ÁGUA - FORNECIMENTO E INSTALAÇÃO. AF_06/2022",{"$f":"R171","v":{"v":10,"d":"10.00"}},"UN",24.26,24.26,{"v":0.24,"d":"24.00%"},{"$f":"ROUND(I171,2)+(ROUND(I171,2)*J171)","v":30.0824},{"$f":"ROUND(S171,2)","v":300.8},"","19","HIDRÁULICA - COBERTURA","2","EDIFICAÇÃO",{"v":10,"d":"10.00"},{"$f":"ROUND(K171,2)*R171","v":300.79999999999995}]
["Serviço","9.42","SINAPI","104008","TE DE REDUÇÃO, 90 GRAUS, PVC, SOLDÁVEL, DN 50 MM X 32 MM, INSTALADO EM RAMAL DE DISTRIBUIÇÃO DE ÁGUA - FORNECIMENTO E INSTALAÇÃO. AF_06/2022",{"$f":"R172","v":{"v":2,"d":"2.00"}},"UN",30.42,30.42,{"v":0.24,"d":"24.00%"},{"$f":"ROUND(I172,2)+(ROUND(I172,2)*J172)","v":37.720800000000004},{"$f":"ROUND(S172,2)","v":75.44},"","19","HIDRÁULICA - COBERTURA","2","EDIFICAÇÃO",{"v":2,"d":"2.00"},{"$f":"ROUND(K172,2)*R172","v":75.44}]
["Serviço","9.43","SINAPI","102607","CAIXA D´ÁGUA EM POLIETILENO, 1000 LITROS - FORNECIMENTO E INSTALAÇÃO. AF_06/2021",{"$f":"R173","v":{"v":3,"d":"3.00"}},"UN",466.71,466.71,{"v":0.24,"d":"24.00%"},{"$f":"ROUND(I173,2)+(ROUND(I173,2)*J173)","v":578.7203999999999},{"$f":"ROUND(S173,2)","v":1736.16},"","19","HIDRÁULICA - COBERTURA","2","EDIFICAÇÃO",{"v":3,"d":"3.00"},{"$f":"ROUND(K173,2)*R173","v":1736.16}]
["Serviço","9.44","SINAPI","102617","CAIXA D´ÁGUA EM POLIÉSTER REFORÇADO COM FIBRA DE VIDRO, 5000 LITROS - FORNECIMENTO E INSTALAÇÃO. AF_06/2021",{"$f":"R174","v":{"v":1,"d":"1.00"}},"UN",3435.1,3435.1,{"v":0.24,"d":"24.00%"},{"$f":"ROUND(I174,2)+(ROUND(I174,2)*J174)","v":4259.523999999999},{"$f":"ROUND(S174,2)","v":4259.52},"","19","HIDRÁULICA - COBERTURA","2","EDIFICAÇÃO",{"v":1,"d":"1.00"},{"$f":"ROUND(K174,2)*R174","v":4259.52}]
["Macrosserviço","10","","","INSTALAÇÕES SANITÁRIAS E PLUVIAIS","","","","","","",{"$f":"ROUND(L176,2)+ROUND(L177,2)+ROUND(L178,2)+ROUND(L179,2)+ROUND(L180,2)+ROUND(L181,2)+ROUND(L182,2)+ROUND(L183,2)+ROUND(L184,2)+ROUND(L185,2)+ROUND(L186,2)+ROUND(L187,2)+ROUND(L188,2)+ROUND(L189,2)+ROUND(L190,2)+ROUND(L191,2)+ROUND(L192,2)+ROUND(L193,2)+ROUND(L194,2)+ROUND(L195,2)+ROUND(L196,2)+ROUND(L197,2)+ROUND(L198,2)+ROUND(L199,2)+ROUND(L200,2)+ROUND(L201,2)+ROUND(L202,2)+ROUND(L203,2)+ROUND(L204,2)+ROUND(L205,2)","v":14659.200000000003},"","","","","","",""]
["Serviço","10.1","SINAPI","98110","CAIXA DE GORDURA PEQUENA (CAPACIDADE: 19 L), CIRCULAR, EM PVC, DIÂMETRO INTERNO= 0,3 M. AF_12/2020",{"$f":"R176","v":{"v":1,"d":"1.00"}},"UN",425.38,425.38,{"v":0.24,"d":"24.00%"},{"$f":"ROUND(I176,2)+(ROUND(I176,2)*J176)","v":527.4712},{"$f":"ROUND(S176,2)","v":527.47},"","21","INSTALAÇÕES SANITÁRIAS E PLUVIAIS","2","EDIFICAÇÃO",{"v":1,"d":"1.00"},{"$f":"ROUND(K176,2)*R176","v":527.47}]
["Serviço","10.2","SINAPI","97902","CAIXA ENTERRADA HIDRÁULICA RETANGULAR EM ALVENARIA COM TIJOLOS CERÂMICOS MACIÇOS, DIMENSÕES INTERNAS: 0,6X0,6X0,6 M PARA REDE DE ESGOTO. AF_12/2020",{"$f":"R177","v":{"v":3,"d":"3.00"}},"UN",588.87,588.87,{"v":0.24,"d":"24.00%"},{"$f":"ROUND(I177,2)+(ROUND(I177,2)*J177)","v":730.1988},{"$f":"ROUND(S177,2)","v":2190.6},"","21","INSTALAÇÕES SANITÁRIAS E PLUVIAIS","2","EDIFICAÇÃO",{"v":3,"d":"3.00"},{"$f":"ROUND(K177,2)*R177","v":2190.6000000000004}]
["Serviço","10.3","SINAPI","97895","CAIXA ENTERRADA HIDRÁULICA RETANGULAR, EM CONCRETO PRÉ-MOLDADO, DIMENSÕES INTERNAS: 0,3X0,3X0,3 M. AF_12/2020",{"$f":"R178","v":{"v":2,"d":"2.00"}},"UN",212.62,212.62,{"v":0.24,"d":"24.00%"},{"$f":"ROUND(I178,2)+(ROUND(I178,2)*J178)","v":263.6488},{"$f":"ROUND(S178,2)","v":527.3},"","21","INSTALAÇÕES SANITÁRIAS E PLUVIAIS","2","EDIFICAÇÃO",{"v":2,"d":"2.00"},{"$f":"ROUND(K178,2)*R178","v":527.3}]
["Serviço","10.4","SINAPI","97895","CAIXA ENTERRADA HIDRÁULICA RETANGULAR, EM CONCRETO PRÉ-MOLDADO, DIMENSÕES INTERNAS: 0,3X0,3X0,3 M. AF_12/2020",{"$f":"R179","v":{"v":2,"d":"2.00"}},"UN",212.62,212.62,{"v":0.24,"d":"24.00%"},{"$f":"ROUND(I179,2)+(ROUND(I179,2)*J179)","v":263.6488},{"$f":"ROUND(S179,2)","v":527.3},"","21","INSTALAÇÕES SANITÁRIAS E PLUVIAIS","2","EDIFICAÇÃO",{"v":2,"d":"2.00"},{"$f":"ROUND(K179,2)*R179","v":527.3}]
["Serviço","10.5","SINAPI","104329","CAIXA SIFONADA, COM GRELHA REDONDA, PVC, DN 150 X 150 X 50 MM, JUNTA SOLDÁVEL, FORNECIDA E INSTALADA EM RAMAL DE DESCARGA OU EM RAMAL DE ESGOTO SANITÁRIO. AF_08/2022",{"$f":"R180","v":{"v":11,"d":"11.00"}},"UN",84.94,84.94,{"v":0.24,"d":"24.00%"},{"$f":"ROUND(I180,2)+(ROUND(I180,2)*J180)","v":105.3256},{"$f":"ROUND(S180,2)","v":1158.63},"","21","INSTALAÇÕES SANITÁRIAS E PLUVIAIS","2","EDIFICAÇÃO",{"v":11,"d":"11.00"},{"$f":"ROUND(K180,2)*R180","v":1158.6299999999999}]
["Serviço","10.6","SINAPI","89709","RALO SIFONADO, PVC, DN 100 X 40 MM, JUNTA SOLDÁVEL, FORNECIDO E INSTALADO EM RAMAL DE DESCARGA OU EM RAMAL DE ESGOTO SANITÁRIO. AF_08/2022",{"$f":"R181","v":{"v":6,"d":"6.00"}},"UN",22.07,22.07,{"v":0.24,"d":"24.00%"},{"$f":"ROUND(I181,2)+(ROUND(I181,2)*J181)","v":27.3668},{"$f":"ROUND(S181,2)","v":164.22},"","21","INSTALAÇÕES SANITÁRIAS E PLUVIAIS","2","EDIFICAÇÃO",{"v":6,"d":"6.00"},{"$f":"ROUND(K181,2)*R181","v":164.22}]
["Serviço","10.7","SINAPI","89748","CURVA CURTA 90 GRAUS, PVC, SERIE NORMAL, ESGOTO PREDIAL, DN 100 MM, JUNTA ELÁSTICA, FORNECIDO E INSTALADO EM RAMAL DE DESCARGA OU RAMAL DE ESGOTO SANITÁRIO. AF_08/2022",{"$f":"R182","v":{"v":8,"d":"8.00"}},"UN",43.05,43.05,{"v":0.24,"d":"24.00%"},{"$f":"ROUND(I182,2)+(ROUND(I182,2)*J182)","v":53.382},{"$f":"ROUND(S182,2)","v":427.04},"","21","INSTALAÇÕES SANITÁRIAS E PLUVIAIS","2","EDIFICAÇÃO",{"v":8,"d":"8.00"},{"$f":"ROUND(K182,2)*R182","v":427.04}]
["Serviço","10.8","SINAPI","89728","CURVA CURTA 90 GRAUS, PVC, SERIE NORMAL, ESGOTO PREDIAL, DN 40 MM, JUNTA SOLDÁVEL, FORNECIDO E INSTALADO EM RAMAL DE DESCARGA OU RAMAL DE ESGOTO SANITÁRIO. AF_08/2022",{"$f":"R183","v":{"v":21,"d":"21.00"}},"UN",13.39,13.39,{"v":0.24,"d":"24.00%"},{"$f":"ROUND(I183,2)+(ROUND(I183,2)*J183)","v":16.6036},{"$f":"ROUND(S183,2)","v":348.6},"","21","INSTALAÇÕES SANITÁRIAS E PLUVIAIS","2","EDIFICAÇÃO",{"v":21,"d":"21.00"},{"$f":"ROUND(K183,2)*R183","v":348.6}]
["Serviço","10.9","SINAPI","89746","JOELHO 45 GRAUS, PVC, SERIE NORMAL, ESGOTO PREDIAL, DN 100 MM, JUNTA ELÁSTICA, FORNECIDO E INSTALADO EM RAMAL DE DESCARGA OU RAMAL DE ESGOTO SANITÁRIO. AF_08/2022",{"$f":"R184","v":{"v":2,"d":"2.00"}},"UN",28.38,28.38,{"v":0.24,"d":"24.00%"},{"$f":"ROUND(I184,2)+(ROUND(I184,2)*J184)","v":35.191199999999995},{"$f":"ROUND(S184,2)","v":70.38},"","21","INSTALAÇÕES SANITÁRIAS E PLUVIAIS","2","EDIFICAÇÃO",{"v":2,"d":"2.00"},{"$f":"ROUND(K184,2)*R184","v":70.38}]
["Serviço","10.10","SINAPI","89726","JOELHO 45 GRAUS, PVC, SERIE NORMAL, ESGOTO PREDIAL, DN 40 MM, JUNTA SOLDÁVEL, FORNECIDO E INSTALADO EM RAMAL DE DESCARGA OU RAMAL DE ESGOTO SANITÁRIO. AF_08/2022",{"$f":"R185","v":{"v":21,"d":"21.00"}},"UN",10.61,10.61,{"v":0.24,"d":"24.00%"},{"$f":"ROUND(I185,2)+(ROUND(I185,2)*J185)","v":13.1564},{"$f":"ROUND(S185,2)","v":276.36},"","21","INSTALAÇÕES SANITÁRIAS E PLUVIAIS","2","EDIFICAÇÃO",{"v":21,"d":"21.00"},{"$f":"ROUND(K185,2)*R185","v":276.36}]
["Serviço","10.11","SINAPI","89732","JOELHO 45 GRAUS, PVC, SERIE NORMAL, ESGOTO PREDIAL, DN 50 MM, JUNTA ELÁSTICA, FORNECIDO E INSTALADO EM RAMAL DE DESCARGA OU RAMAL DE ESGOTO SANITÁRIO. AF_08/2022",{"$f":"R186","v":{"v":10,"d":"10.00"}},"UN",15.51,15.51,{"v":0.24,"d":"24.00%"},{"$f":"ROUND(I186,2)+(ROUND(I186,2)*J186)","v":19.2324},{"$f":"ROUND(S186,2)","v":192.3},"","21","INSTALAÇÕES SANITÁRIAS E PLUVIAIS","2","EDIFICAÇÃO",{"v":10,"d":"10.00"},{"$f":"ROUND(K186,2)*R186","v":192.3}]
["Serviço","10.12","SINAPI","89529","JOELHO 90 GRAUS, PVC, SERIE R, ÁGUA PLUVIAL, DN 100 MM, JUNTA ELÁSTICA, FORNECIDO E INSTALADO EM RAMAL DE ENCAMINHAMENTO. AF_06/2022",{"$f":"R187","v":{"v":1,"d":"1.00"}},"UN",36.96,36.96,{"v":0.24,"d":"24.00%"},{"$f":"ROUND(I187,2)+(ROUND(I187,2)*J187)","v":45.8304},{"$f":"ROUND(S187,2)","v":45.83},"","21","INSTALAÇÕES SANITÁRIAS E PLUVIAIS","2","EDIFICAÇÃO",{"v":1,"d":"1.00"},{"$f":"ROUND(K187,2)*R187","v":45.83}]
["Serviço","10.13","SINAPI","89731","JOELHO 90 GRAUS, PVC, SERIE NORMAL, ESGOTO PREDIAL, DN 50 MM, JUNTA ELÁSTICA, FORNECIDO E INSTALADO EM RAMAL DE DESCARGA OU RAMAL DE ESGOTO SANITÁRIO. AF_08/2022",{"$f":"R188","v":{"v":6,"d":"6.00"}},"UN",14.76,14.76,{"v":0.24,"d":"24.00%"},{"$f":"ROUND(I188,2)+(ROUND(I188,2)*J188)","v":18.3024},{"$f":"ROUND(S188,2)","v":109.8},"","21","INSTALAÇÕES SANITÁRIAS E PLUVIAIS","2","EDIFICAÇÃO",{"v":6,"d":"6.00"},{"$f":"ROUND(K188,2)*R188","v":109.80000000000001}]
["Serviço","10.14","SINAPI","89724","JOELHO 90 GRAUS, PVC, SERIE NORMAL, ESGOTO PREDIAL, DN 40 MM, JUNTA SOLDÁVEL, FORNECIDO E INSTALADO EM RAMAL DE DESCARGA OU RAMAL DE ESGOTO SANITÁRIO. AF_08/2022",{"$f":"R189","v":{"v":15,"d":"15.00"}},"UN",10.37,10.37,{"v":0.24,"d":"24.00%"},{"$f":"ROUND(I189,2)+(ROUND(I189,2)*J189)","v":12.858799999999999},{"$f":"ROUND(S189,2)","v":192.9},"","21","INSTALAÇÕES SANITÁRIAS E PLUVIAIS","2","EDIFICAÇÃO",{"v":15,"d":"15.00"},{"$f":"ROUND(K189,2)*R189","v":192.89999999999998}]
["Serviço","10.15","SINAPI","104345","JUNÇÃO DE REDUÇÃO INVERTIDA, PVC, SÉRIE NORMAL, ESGOTO PREDIAL, DN 100 X 50 MM, JUNTA ELÁSTICA, FORNECIDO E INSTALADO EM RAMAL DE DESCARGA OU RAMAL DE ESGOTO SANITÁRIO. AF_08/2022",{"$f":"R190","v":{"v":8,"d":"8.00"}},"UN",43.06,43.06,{"v":0.24,"d":"24.00%"},{"$f":"ROUND(I190,2)+(ROUND(I190,2)*J190)","v":53.394400000000005},{"$f":"ROUND(S190,2)","v":427.12},"","21","INSTALAÇÕES SANITÁRIAS E PLUVIAIS","2","EDIFICAÇÃO",{"v":8,"d":"8.00"},{"$f":"ROUND(K190,2)*R190","v":427.12}]
["Serviço","10.16","SINAPI","89795","JUNÇÃO SIMPLES, PVC, SERIE NORMAL, ESGOTO PREDIAL, DN 75 X 75 MM, JUNTA ELÁSTICA, FORNECIDO E INSTALADO EM RAMAL DE DESCARGA OU RAMAL DE ESGOTO SANITÁRIO. AF_08/2022",{"$f":"R191","v":{"v":1,"d":"1.00"}},"UN",40.96,40.96,{"v":0.24,"d":"24.00%"},{"$f":"ROUND(I191,2)+(ROUND(I191,2)*J191)","v":50.7904},{"$f":"ROUND(S191,2)","v":50.79},"","21","INSTALAÇÕES SANITÁRIAS E PLUVIAIS","2","EDIFICAÇÃO",{"v":1,"d":"1.00"},{"$f":"ROUND(K191,2)*R191","v":50.79}]
["Serviço","10.17","SINAPI","89752","LUVA SIMPLES, PVC, SERIE NORMAL, ESGOTO PREDIAL, DN 40 MM, JUNTA SOLDÁVEL, FORNECIDO E INSTALADO EM RAMAL DE DESCARGA OU RAMAL DE ESGOTO SANITÁRIO. AF_08/2022",{"$f":"R192","v":{"v":6,"d":"6.00"}},"UN",7.8,7.8,{"v":0.24,"d":"24.00%"},{"$f":"ROUND(I192,2)+(ROUND(I192,2)*J192)","v":9.672},{"$f":"ROUND(S192,2)","v":58.02},"","21","INSTALAÇÕES SANITÁRIAS E PLUVIAIS","2","EDIFICAÇÃO",{"v":6,"d":"6.00"},{"$f":"ROUND(K192,2)*R192","v":58.019999999999996}]
["Serviço","10.18","SINAPI","89778","LUVA SIMPLES, PVC, SERIE NORMAL, ESGOTO PREDIAL, DN 100 MM, JUNTA ELÁSTICA, FORNECIDO E INSTALADO EM RAMAL DE DESCARGA OU RAMAL DE ESGOTO SANITÁRIO. AF_08/2022",{"$f":"R193","v":{"v":30,"d":"30.00"}},"UN",18.32,18.32,{"v":0.24,"d":"24.00%"},{"$f":"ROUND(I193,2)+(ROUND(I193,2)*J193)","v":22.7168},{"$f":"ROUND(S193,2)","v":681.6},"","21","INSTALAÇÕES SANITÁRIAS E PLUVIAIS","2","EDIFICAÇÃO",{"v":30,"d":"30.00"},{"$f":"ROUND(K193,2)*R193","v":681.5999999999999}]
["Serviço","10.19","SINAPI","89753","LUVA SIMPLES, PVC, SERIE NORMAL, ESGOTO PREDIAL, DN 50 MM, JUNTA ELÁSTICA, FORNECIDO E INSTALADO EM RAMAL DE DESCARGA OU RAMAL DE ESGOTO SANITÁRIO. AF_08/2022",{"$f":"R194","v":{"v":7,"d":"7.00"}},"UN",9.47,9.47,{"v":0.24,"d":"24.00%"},{"$f":"ROUND(I194,2)+(ROUND(I194,2)*J194)","v":11.7428},{"$f":"ROUND(S194,2)","v":82.18},"","21","INSTALAÇÕES SANITÁRIAS E PLUVIAIS","2","EDIFICAÇÃO",{"v":7,"d":"7.00"},{"$f":"ROUND(K194,2)*R194","v":82.18}]
["Serviço","10.20","SINAPI","89774","LUVA SIMPLES, PVC, SERIE NORMAL, ESGOTO PREDIAL, DN 75 MM, JUNTA ELÁSTICA, FORNECIDO E INSTALADO EM RAMAL DE DESCARGA OU RAMAL DE ESGOTO SANITÁRIO. AF_08/2022",{"$f":"R195","v":{"v":3,"d":"3.00"}},"UN",15.92,15.92,{"v":0.24,"d":"24.00%"},{"$f":"ROUND(I195,2)+(ROUND(I195,2)*J195)","v":19.7408},{"$f":"ROUND(S195,2)","v":59.22},"","21","INSTALAÇÕES SANITÁRIAS E PLUVIAIS","2","EDIFICAÇÃO",{"v":3,"d":"3.00"},{"$f":"ROUND(K195,2)*R195","v":59.22}]
["Serviço","10.21","SINAPI","104343","JUNÇÃO DE REDUÇÃO INVERTIDA, PVC, SÉRIE NORMAL, ESGOTO PREDIAL, DN 75 X 50 MM, JUNTA ELÁSTICA, FORNECIDO E INSTALADO EM RAMAL DE DESCARGA OU RAMAL DE ESGOTO SANITÁRIO. AF_08/2022",{"$f":"R196","v":{"v":1,"d":"1.00"}},"UN",33.97,33.97,{"v":0.24,"d":"24.00%"},{"$f":"ROUND(I196,2)+(ROUND(I196,2)*J196)","v":42.1228},{"$f":"ROUND(S196,2)","v":42.12},"","21","INSTALAÇÕES SANITÁRIAS E PLUVIAIS","2","EDIFICAÇÃO",{"v":1,"d":"1.00"},{"$f":"ROUND(K196,2)*R196","v":42.12}]
["Serviço","10.22","SINAPI","89714","TUBO PVC, SERIE NORMAL, ESGOTO PREDIAL, DN 100 MM, FORNECIDO E INSTALADO EM RAMAL DE DESCARGA OU RAMAL DE ESGOTO SANITÁRIO. AF_08/2022",{"$f":"R197","v":62.83},"M",37.72,37.72,{"v":0.24,"d":"24.00%"},{"$f":"ROUND(I197,2)+(ROUND(I197,2)*J197)","v":46.7728},{"$f":"ROUND(S197,2)","v":2938.56},"","21","INSTALAÇÕES SANITÁRIAS E PLUVIAIS","2","EDIFICAÇÃO",62.83,{"$f":"ROUND(K197,2)*R197","v":2938.5591}]
["Serviço","10.23","SINAPI","89849","TUBO PVC, SERIE NORMAL, ESGOTO PREDIAL, DN 150 MM, FORNECIDO E INSTALADO EM SUBCOLETOR AÉREO DE ESGOTO SANITÁRIO. AF_08/2022",{"$f":"R198","v":{"v":1.5,"d":"1.50"}},"M",57.56,57.56,{"v":0.24,"d":"24.00%"},{"$f":"ROUND(I198,2)+(ROUND(I198,2)*J198)","v":71.37440000000001},{"$f":"ROUND(S198,2)","v":107.06},"","21","INSTALAÇÕES SANITÁRIAS E PLUVIAIS","2","EDIFICAÇÃO",{"v":1.5,"d":"1.50"},{"$f":"ROUND(K198,2)*R198","v":107.055}]
["Serviço","10.24","SINAPI","89711","TUBO PVC, SERIE NORMAL, ESGOTO PREDIAL, DN 40 MM, FORNECIDO E INSTALADO EM RAMAL DE DESCARGA OU RAMAL DE ESGOTO SANITÁRIO. AF_08/2022",{"$f":"R199","v":34.04},"M",21.27,21.27,{"v":0.24,"d":"24.00%"},{"$f":"ROUND(I199,2)+(ROUND(I199,2)*J199)","v":26.3748},{"$f":"ROUND(S199,2)","v":897.63},"","21","INSTALAÇÕES SANITÁRIAS E PLUVIAIS","2","EDIFICAÇÃO",34.04,{"$f":"ROUND(K199,2)*R199","v":897.6348}]
["Serviço","10.25","SINAPI","89712","TUBO PVC, SERIE NORMAL, ESGOTO PREDIAL, DN 50 MM, FORNECIDO E INSTALADO EM RAMAL DE DESCARGA OU RAMAL DE ESGOTO SANITÁRIO. AF_08/2022",{"$f":"R200","v":17.03},"M",27.1,27.1,{"v":0.24,"d":"24.00%"},{"$f":"ROUND(I200,2)+(ROUND(I200,2)*J200)","v":33.604},{"$f":"ROUND(S200,2)","v":572.21},"","21","INSTALAÇÕES SANITÁRIAS E PLUVIAIS","2","EDIFICAÇÃO",17.03,{"$f":"ROUND(K200,2)*R200","v":572.2080000000001}]
["Serviço","10.26","SINAPI","89713","TUBO PVC, SERIE NORMAL, ESGOTO PREDIAL, DN 75 MM, FORNECIDO E INSTALADO EM RAMAL DE DESCARGA OU RAMAL DE ESGOTO SANITÁRIO. AF_08/2022",{"$f":"R201","v":18.35},"M",33.82,33.82,{"v":0.24,"d":"24.00%"},{"$f":"ROUND(I201,2)+(ROUND(I201,2)*J201)","v":41.9368},{"$f":"ROUND(S201,2)","v":769.6},"","21","INSTALAÇÕES SANITÁRIAS E PLUVIAIS","2","EDIFICAÇÃO",18.35,{"$f":"ROUND(K201,2)*R201","v":769.599}]
["Serviço","10.27","SINAPI","89833","TE, PVC, SERIE NORMAL, ESGOTO PREDIAL, DN 100 X 100 MM, JUNTA ELÁSTICA, FORNECIDO E INSTALADO EM PRUMADA DE ESGOTO SANITÁRIO OU VENTILAÇÃO. AF_08/2022",{"$f":"R202","v":{"v":5,"d":"5.00"}},"UN",44.96,44.96,{"v":0.24,"d":"24.00%"},{"$f":"ROUND(I202,2)+(ROUND(I202,2)*J202)","v":55.7504},{"$f":"ROUND(S202,2)","v":278.75},"","21","INSTALAÇÕES SANITÁRIAS E PLUVIAIS","2","EDIFICAÇÃO",{"v":5,"d":"5.00"},{"$f":"ROUND(K202,2)*R202","v":278.75}]
["Serviço","10.28","SINAPI","89578","TUBO PVC, SÉRIE R, ÁGUA PLUVIAL, DN 100 MM, FORNECIDO E INSTALADO EM CONDUTORES VERTICAIS DE ÁGUAS PLUVIAIS. AF_06/2022",{"$f":"R203","v":2.72},"M",33.83,33.83,{"v":0.24,"d":"24.00%"},{"$f":"ROUND(I203,2)+(ROUND(I203,2)*J203)","v":41.9492},{"$f":"ROUND(S203,2)","v":114.1},"","21","INSTALAÇÕES SANITÁRIAS E PLUVIAIS","2","EDIFICAÇÃO",2.72,{"$f":"ROUND(K203,2)*R203","v":114.10400000000001}]
["Serviço","10.29","SINAPI","104348","TERMINAL DE VENTILAÇÃO, PVC, SÉRIE NORMAL, ESGOTO PREDIAL, DN 50 MM, JUNTA SOLDÁVEL, FORNECIDO E INSTALADO EM PRUMADA DE ESGOTO SANITÁRIO OU VENTILAÇÃO. AF_08/2022",{"$f":"R204","v":{"v":9,"d":"9.00"}},"UN",11.51,11.51,{"v":0.24,"d":"24.00%"},{"$f":"ROUND(I204,2)+(ROUND(I204,2)*J204)","v":14.2724},{"$f":"ROUND(S204,2)","v":128.43},"","21","INSTALAÇÕES SANITÁRIAS E PLUVIAIS","2","EDIFICAÇÃO",{"v":9,"d":"9.00"},{"$f":"ROUND(K204,2)*R204","v":128.43}]
["Serviço","10.30","SINAPI","89509","TUBO PVC, SÉRIE R, ÁGUA PLUVIAL, DN 50 MM, FORNECIDO E INSTALADO EM RAMAL DE ENCAMINHAMENTO. AF_06/2022",{"$f":"R205","v":24.43},"M",22.88,22.88,{"v":0.24,"d":"24.00%"},{"$f":"ROUND(I205,2)+(ROUND(I205,2)*J205)","v":28.371199999999998},{"$f":"ROUND(S205,2)","v":693.08},"","21","INSTALAÇÕES SANITÁRIAS E PLUVIAIS","2","EDIFICAÇÃO",24.43,{"$f":"ROUND(K205,2)*R205","v":693.0791}]
["Macrosserviço","11","","","ESQUADRIAS","","","","","","",{"$f":"ROUND(L207,2)+ROUND(L208,2)+ROUND(L209,2)+ROUND(L210,2)+ROUND(L211,2)+ROUND(L212,2)+ROUND(L213,2)","v":42038.509999999995},"","","","","","",""]
["Serviço","11.1","SINAPI","94569","JANELA DE ALUMÍNIO TIPO MAXIM-AR, BATENTE/ REQUADRO 3 A 14 CM, VIDRO INCLUSO, FIXAÇÃO COM PARAFUSO, SEM GUARNIÇÃO/ ALIZAR, DIMENSÕES 60X80 (A X L) CM, SEM ACABAMENTO, VEDAÇÃO COM SILICONE, EXCLUSIVE CONTRAMARCO - FORNECIMENTO E INSTALAÇÃO. AF_11/2024",{"$f":"R207","v":0.96},"M2",704.72,704.72,{"v":0.24,"d":"24.00%"},{"$f":"ROUND(I207,2)+(ROUND(I207,2)*J207)","v":873.8528},{"$f":"ROUND(S207,2)","v":838.9},"","22","ESQUADRIAS","2","EDIFICAÇÃO",0.96,{"$f":"ROUND(K207,2)*R207","v":838.896}]
["Serviço","11.2","SINAPI","94570","JANELA DE ALUMÍNIO DE CORRER COM 2 FOLHAS PARA VIDROS (VIDROS INCLUSOS), BATENTE/ REQUADRO 6 A 14 CM, ACABAMENTO COM ACETATO OU BRILHANTE, FIXAÇÃO COM PARAFUSO, SEM GUARNIÇÃO/ ALIZAR, DIMENSÕES 100X120 CM, VEDAÇÃO COM SILICONE, EXCLUSIVE CONTRAMARCO - FORNECIMENTO E INSTALAÇÃO. AF_11/2024",{"$f":"R208","v":{"v":9,"d":"9.00"}},"M2",374.15,374.15,{"v":0.24,"d":"24.00%"},{"$f":"ROUND(I208,2)+(ROUND(I208,2)*J208)","v":463.94599999999997},{"$f":"ROUND(S208,2)","v":4175.55},"","22","ESQUADRIAS","2","EDIFICAÇÃO",{"v":9,"d":"9.00"},{"$f":"ROUND(K208,2)*R208","v":4175.55}]
["Serviço","11.3","SINAPI","100700","PORTA DE MADEIRA COMPENSADA LISA PARA PINTURA, 120X210X3,5CM, 2 FOLHAS, INCLUSO ADUELA 2A, ALIZAR 2A E DOBRADIÇAS. AF_12/2019",{"$f":"R209","v":{"v":1,"d":"1.00"}},"UN",896.18,896.18,{"v":0.24,"d":"24.00%"},{"$f":"ROUND(I209,2)+(ROUND(I209,2)*J209)","v":1111.2631999999999},{"$f":"ROUND(S209,2)","v":1111.26},"","22","ESQUADRIAS","2","EDIFICAÇÃO",{"v":1,"d":"1.00"},{"$f":"ROUND(K209,2)*R209","v":1111.26}]
["Serviço","11.4","SINAPI","90791","KIT DE PORTA-PRONTA DE MADEIRA EM ACABAMENTO MELAMÍNICO BRANCO, FOLHA PESADA OU SUPERPESADA, 80X210CM, FIXAÇÃO COM PREENCHIMENTO PARCIAL DE ESPUMA EXPANSIVA - FORNECIMENTO E INSTALAÇÃO. AF_12/2019",{"$f":"R210","v":{"v":9,"d":"9.00"}},"UN",1079.89,1079.89,{"v":0.24,"d":"24.00%"},{"$f":"ROUND(I210,2)+(ROUND(I210,2)*J210)","v":1339.0636000000002},{"$f":"ROUND(S210,2)","v":12051.54},"","22","ESQUADRIAS","2","EDIFICAÇÃO",{"v":9,"d":"9.00"},{"$f":"ROUND(K210,2)*R210","v":12051.539999999999}]
["Serviço","11.5","SINAPI","90793","KIT DE PORTA-PRONTA DE MADEIRA EM ACABAMENTO MELAMÍNICO BRANCO, FOLHA PESADA OU SUPERPESADA, 90X210CM, FIXAÇÃO COM PREENCHIMENTO TOTAL DE ESPUMA EXPANSIVA - FORNECIMENTO E INSTALAÇÃO. AF_12/2019",{"$f":"R211","v":{"v":2,"d":"2.00"}},"UN",1136.88,1136.88,{"v":0.24,"d":"24.00%"},{"$f":"ROUND(I211,2)+(ROUND(I211,2)*J211)","v":1409.7312000000002},{"$f":"ROUND(S211,2)","v":2819.46},"","22","ESQUADRIAS","2","EDIFICAÇÃO",{"v":2,"d":"2.00"},{"$f":"ROUND(K211,2)*R211","v":2819.46}]
["Serviço","11.6","SINAPI","91341","PORTA EM ALUMÍNIO DE ABRIR TIPO VENEZIANA COM GUARNIÇÃO, FIXAÇÃO COM PARAFUSOS - FORNECIMENTO E INSTALAÇÃO. AF_12/2019",{"$f":"R212","v":13.89},"M2",701.25,701.25,{"v":0.24,"d":"24.00%"},{"$f":"ROUND(I212,2)+(ROUND(I212,2)*J212)","v":869.55},{"$f":"ROUND(S212,2)","v":12078.05},"","22","ESQUADRIAS","2","EDIFICAÇÃO",13.89,{"$f":"ROUND(K212,2)*R212","v":12078.0495}]
["Serviço","11.7","SINAPI","100702","PORTA DE CORRER DE ALUMÍNIO, COM DUAS FOLHAS PARA VIDRO, INCLUSO VIDRO LISO INCOLOR, FECHADURA E PUXADOR, SEM ALIZAR. AF_12/2019",{"$f":"R213","v":14.68},"M2",492.43,492.43,{"v":0.24,"d":"24.00%"},{"$f":"ROUND(I213,2)+(ROUND(I213,2)*J213)","v":610.6132},{"$f":"ROUND(S213,2)","v":8963.75},"","22","ESQUADRIAS","2","EDIFICAÇÃO",14.68,{"$f":"ROUND(K213,2)*R213","v":8963.7548}]
["Macrosserviço","12","","","PISOS","","","","","","",{"$f":"ROUND(L215,2)+ROUND(L217,2)+ROUND(L218,2)+ROUND(L219,2)+ROUND(L220,2)","v":101510.39000000001},"","","","","","",""]
["Serviço","12.1","SINAPI","97083","COMPACTAÇÃO MECÂNICA DE SOLO PARA EXECUÇÃO DE RADIER, PISO DE CONCRETO OU LAJE SOBRE SOLO, COM COMPACTADOR DE SOLOS A PERCUSSÃO. AF_09/2021",{"$f":"R215+R216","v":508.68},"M2",3.25,3.25,{"v":0.24,"d":"24.00%"},{"$f":"ROUND(I215,2)+(ROUND(I215,2)*J215)","v":4.03},{"$f":"ROUND(S215,2)+ROUND(S216,2)","v":2049.98},"","23","PISOS - COMPACTAÇÃO","2","EDIFICAÇÃO",295.49,{"$f":"ROUND(K215,2)*R215","v":1190.8247000000001}]
[{"$nulls":15},"3","IMPLANTAÇÃO",213.19,{"$f":"ROUND(K215,2)*R216","v":859.1557}]
["Serviço","12.2","SINAPI","87702","CONTRAPISO EM ARGAMASSA TRAÇO 1:4 (CIMENTO E AREIA), PREPARO MANUAL, APLICADO EM ÁREAS SECAS SOBRE LAJE, NÃO ADERIDO, ACABAMENTO NÃO REFORÇADO, ESPESSURA 6CM. AF_07/2021",{"$f":"R217","v":295.49},"M2",66.3,66.3,{"v":0.24,"d":"24.00%"},{"$f":"ROUND(I217,2)+(ROUND(I217,2)*J217)","v":82.21199999999999},{"$f":"ROUND(S217,2)","v":24292.23},"","25","PISOS - GRANILITE","2","EDIFICAÇÃO",295.49,{"$f":"ROUND(K217,2)*R217","v":24292.2329}]
["Serviço","12.3","SINAPI","104162","PISO EM GRANILITE, MARMORITE OU GRANITINA EM AMBIENTES INTERNOS, COM ESPESSURA DE 8 MM, INCLUSO MISTURA EM BETONEIRA, COLOCAÇÃO DAS JUNTAS, APLICAÇÃO DO PISO, 4 POLIMENTOS COM POLITRIZ, ESTUCAMENTO, SELADOR E CERA. AF_06/2022",{"$f":"R218","v":295.49},"M2",104.14,104.14,{"v":0.24,"d":"24.00%"},{"$f":"ROUND(I218,2)+(ROUND(I218,2)*J218)","v":129.1336},{"$f":"ROUND(S218,2)","v":38156.62},"","25","PISOS - GRANILITE","2","EDIFICAÇÃO",295.49,{"$f":"ROUND(K218,2)*R218","v":38156.6237}]
["Serviço","12.4","SINAPI","101741","RODAPÉ EM MARMORITE, ALTURA 10CM. AF_09/2020",{"$f":"R219","v":252.27},"M",23.18,23.18,{"v":0.24,"d":"24.00%"},{"$f":"ROUND(I219,2)+(ROUND(I219,2)*J219)","v":28.7432},{"$f":"ROUND(S219,2)","v":7250.24},"","25","PISOS - GRANILITE","2","EDIFICAÇÃO",252.27,{"$f":"ROUND(K219,2)*R219","v":7250.2398}]
["Serviço","12.5","SINAPI","94994","EXECUÇÃO DE PASSEIO (CALÇADA) OU PISO DE CONCRETO COM CONCRETO MOLDADO IN LOCO, FEITO EM OBRA, ACABAMENTO CONVENCIONAL, ESPESSURA 8 CM, ARMADO. AF_08/2022",{"$f":"R220","v":213.19},"M2",112.58,112.58,{"v":0.24,"d":"24.00%"},{"$f":"ROUND(I220,2)+(ROUND(I220,2)*J220)","v":139.5992},{"$f":"ROUND(S220,2)","v":29761.32},"","24","PISOS - CONCRETO","3","IMPLANTAÇÃO",213.19,{"$f":"ROUND(K220,2)*R220","v":29761.323999999997}]
["Macrosserviço","13","","","REVESTIMENTOS","","","","","","",{"$f":"ROUND(L222,2)+ROUND(L223,2)+ROUND(L224,2)+ROUND(L225,2)+ROUND(L226,2)+ROUND(L227,2)+ROUND(L228,2)","v":70281.85},"","","","","","",""]
["Serviço","13.1","SINAPI","87879","CHAPISCO APLICADO EM ALVENARIAS E ESTRUTURAS DE CONCRETO INTERNAS, COM COLHER DE PEDREIRO. ARGAMASSA TRAÇO 1:3 COM PREPARO EM BETONEIRA 400L. AF_10/2022",{"$f":"R222","v":430.21},"M2",4.6,4.6,{"v":0.24,"d":"24.00%"},{"$f":"ROUND(I222,2)+(ROUND(I222,2)*J222)","v":5.704},{"$f":"ROUND(S222,2)","v":2452.2},"","26","CHAPISCO","9","REVESTIMENTOS INTERNOS",430.21,{"$f":"ROUND(K222,2)*R222","v":2452.197}]
["Serviço","13.2","SINAPI","104958","MASSA ÚNICA, EM ARGAMASSA TRAÇO 1:2:8 PREPARO MECÂNICO, APLICADA MANUALMENTE EM PAREDES INTERNAS DE AMBIENTES COM ÁREA MAIOR QUE 10M², E = 10MM, COM TALISCAS. AF_03/2024",{"$f":"R223","v":430.21},"M2",23.18,23.18,{"v":0.24,"d":"24.00%"},{"$f":"ROUND(I223,2)+(ROUND(I223,2)*J223)","v":28.7432},{"$f":"ROUND(S223,2)","v":12364.24},"","27","MASSA ÚNICA","9","REVESTIMENTOS INTERNOS",430.21,{"$f":"ROUND(K223,2)*R223","v":12364.2354}]
["Serviço","13.3","SINAPI","87894","CHAPISCO APLICADO EM ALVENARIA (SEM PRESENÇA DE VÃOS) E ESTRUTURAS DE CONCRETO DE FACHADA, COM COLHER DE PEDREIRO. ARGAMASSA TRAÇO 1:3 COM PREPARO EM BETONEIRA 400L. AF_10/2022",{"$f":"R224","v":278.72},"M2",6.94,6.94,{"v":0.24,"d":"24.00%"},{"$f":"ROUND(I224,2)+(ROUND(I224,2)*J224)","v":8.6056},{"$f":"ROUND(S224,2)","v":2399.78},"","26","CHAPISCO","10","REVESTIMENTOS EXTERNOS",278.72,{"$f":"ROUND(K224,2)*R224","v":2399.7792}]
["Serviço","13.4","SINAPI","104233","EMBOÇO OU MASSA ÚNICA EM ARGAMASSA TRAÇO 1:2:8, PREPARO MECÂNICA COM BETONEIRA 400 L, APLICADA MANUALMENTE EM PANOS DE FACHADA SEM PRESENÇA DE VÃOS, ESPESSURA DE 25 MM, ACESSO POR ANDAIME. AF_08/2022",{"$f":"R225","v":278.72},"M2",39.17,39.17,{"v":0.24,"d":"24.00%"},{"$f":"ROUND(I225,2)+(ROUND(I225,2)*J225)","v":48.570800000000006},{"$f":"ROUND(S225,2)","v":13537.43},"","27","MASSA ÚNICA","10","REVESTIMENTOS EXTERNOS",278.72,{"$f":"ROUND(K225,2)*R225","v":13537.430400000001}]
["Serviço","13.5","SINAPI","87879","CHAPISCO APLICADO EM ALVENARIAS E ESTRUTURAS DE CONCRETO INTERNAS, COM COLHER DE PEDREIRO. ARGAMASSA TRAÇO 1:3 COM PREPARO EM BETONEIRA 400L. AF_10/2022",{"$f":"R226","v":313.99},"M2",4.6,4.6,{"v":0.24,"d":"24.00%"},{"$f":"ROUND(I226,2)+(ROUND(I226,2)*J226)","v":5.704},{"$f":"ROUND(S226,2)","v":1789.74},"","26","CHAPISCO","9","REVESTIMENTOS INTERNOS",313.99,{"$f":"ROUND(K226,2)*R226","v":1789.7430000000002}]
["Serviço","13.6","SINAPI","104958","MASSA ÚNICA, EM ARGAMASSA TRAÇO 1:2:8 PREPARO MECÂNICO, APLICADA MANUALMENTE EM PAREDES INTERNAS DE AMBIENTES COM ÁREA MAIOR QUE 10M², E = 10MM, COM TALISCAS. AF_03/2024",{"$f":"R227","v":313.99},"M2",23.18,23.18,{"v":0.24,"d":"24.00%"},{"$f":"ROUND(I227,2)+(ROUND(I227,2)*J227)","v":28.7432},{"$f":"ROUND(S227,2)","v":9024.07},"","27","MASSA ÚNICA","9","REVESTIMENTOS INTERNOS",313.99,{"$f":"ROUND(K227,2)*R227","v":9024.0726}]
["Serviço","13.7","SINAPI","87273","REVESTIMENTO CERÂMICO PARA PAREDES INTERNAS COM PLACAS TIPO ESMALTADA DE DIMENSÕES 33X45 CM APLICADAS NA ALTURA INTEIRA DAS PAREDES. AF_02/2023_PE",{"$f":"R228","v":313.99},"M2",73.75,73.75,{"v":0.24,"d":"24.00%"},{"$f":"ROUND(I228,2)+(ROUND(I228,2)*J228)","v":91.45},{"$f":"ROUND(S228,2)","v":28714.39},"","28","REVESTIMENTO CERÂMICO","9","REVESTIMENTOS INTERNOS",313.99,{"$f":"ROUND(K228,2)*R228","v":28714.3855}]
["Macrosserviço","14","","","FORROS","","","","","","",{"$f":"ROUND(L230,2)+ROUND(L231,2)","v":26485.230000000003},"","","","","","",""]
["Serviço","14.1","SINAPI","96116","FORRO EM RÉGUAS DE PVC, FRISADO, PARA AMBIENTES COMERCIAIS, INCLUSIVE ESTRUTURA BIDIRECIONAL DE FIXAÇÃO. AF_08/2023_PS",{"$f":"R230","v":295.49},"M2",62.78,62.78,{"v":0.24,"d":"24.00%"},{"$f":"ROUND(I230,2)+(ROUND(I230,2)*J230)","v":77.8472},{"$f":"ROUND(S230,2)","v":23003.9},"","29","FORRO PVC","2","EDIFICAÇÃO",295.49,{"$f":"ROUND(K230,2)*R230","v":23003.8965}]
["Serviço","14.2","SINAPI","96121","ACABAMENTOS PARA FORRO (RODA-FORRO EM PERFIL METÁLICO E PLÁSTICO). AF_08/2023",{"$f":"R231","v":252.27},"M",11.13,11.13,{"v":0.24,"d":"24.00%"},{"$f":"ROUND(I231,2)+(ROUND(I231,2)*J231)","v":13.801200000000001},{"$f":"ROUND(S231,2)","v":3481.33},"","29","FORRO PVC","2","EDIFICAÇÃO",252.27,{"$f":"ROUND(K231,2)*R231","v":3481.3260000000005}]
["Macrosserviço","15","","","PINTURA","","","","","","",{"$f":"ROUND(L233,2)+ROUND(L234,2)+ROUND(L235,2)+ROUND(L236,2)+ROUND(L237,2)+ROUND(L238,2)","v":34424.69},"","","","","","",""]
["Serviço","15.1","SINAPI","88497","EMASSAMENTO COM MASSA LÁTEX, APLICAÇÃO EM PAREDE, DUAS DEMÃOS, LIXAMENTO MANUAL. AF_04/2023",{"$f":"R233","v":430.21},"M2",17.26,17.26,{"v":0.24,"d":"24.00%"},{"$f":"ROUND(I233,2)+(ROUND(I233,2)*J233)","v":21.4024},{"$f":"ROUND(S233,2)","v":9206.49},"","30","MASSA LÁTEX","11","PINTURA INTERNA",430.21,{"$f":"ROUND(K233,2)*R233","v":9206.493999999999}]
["Serviço","15.2","SINAPI","88489","PINTURA LÁTEX ACRÍLICA PREMIUM, APLICAÇÃO MANUAL EM PAREDES, DUAS DEMÃOS. AF_04/2023",{"$f":"R234","v":430.21},"M2",12.8,12.8,{"v":0.24,"d":"24.00%"},{"$f":"ROUND(I234,2)+(ROUND(I234,2)*J234)","v":15.872},{"$f":"ROUND(S234,2)","v":6827.43},"","31","PINTURA LÁTEX ACRÍLICA","11","PINTURA INTERNA",430.21,{"$f":"ROUND(K234,2)*R234","v":6827.432699999999}]
["Serviço","15.3","SINAPI","88497","EMASSAMENTO COM MASSA LÁTEX, APLICAÇÃO EM PAREDE, DUAS DEMÃOS, LIXAMENTO MANUAL. AF_04/2023",{"$f":"R235","v":278.72},"M2",17.26,17.26,{"v":0.24,"d":"24.00%"},{"$f":"ROUND(I235,2)+(ROUND(I235,2)*J235)","v":21.4024},{"$f":"ROUND(S235,2)","v":5964.61},"","30","MASSA LÁTEX","12","PINTURA EXTERNA",278.72,{"$f":"ROUND(K235,2)*R235","v":5964.608}]
["Serviço","15.4","SINAPI","88485","FUNDO SELADOR ACRÍLICO, APLICAÇÃO MANUAL EM PAREDE, UMA DEMÃO. AF_04/2023",{"$f":"R236","v":278.72},"M2",3.46,3.46,{"v":0.24,"d":"24.00%"},{"$f":"ROUND(I236,2)+(ROUND(I236,2)*J236)","v":4.2904},{"$f":"ROUND(S236,2)","v":1195.71},"","32","SELADOR ACRÍLICO","12","PINTURA EXTERNA",278.72,{"$f":"ROUND(K236,2)*R236","v":1195.7088}]
["Serviço","15.5","SINAPI","88489","PINTURA LÁTEX ACRÍLICA PREMIUM, APLICAÇÃO MANUAL EM PAREDES, DUAS DEMÃOS. AF_04/2023",{"$f":"R237","v":278.72},"M2",12.8,12.8,{"v":0.24,"d":"24.00%"},{"$f":"ROUND(I237,2)+(ROUND(I237,2)*J237)","v":15.872},{"$f":"ROUND(S237,2)","v":4423.29},"","31","PINTURA LÁTEX ACRÍLICA","12","PINTURA EXTERNA",278.72,{"$f":"ROUND(K237,2)*R237","v":4423.2864}]
["Serviço","15.6","SINAPI","102492","PINTURA DE PISO COM TINTA ACRÍLICA, APLICAÇÃO MANUAL, 3 DEMÃOS, INCLUSO FUNDO PREPARADOR. AF_05/2021",{"$f":"R238","v":213.19},"M2",25.75,25.75,{"v":0.24,"d":"24.00%"},{"$f":"ROUND(I238,2)+(ROUND(I238,2)*J238)","v":31.93},{"$f":"ROUND(S238,2)","v":6807.16},"","31","PINTURA LÁTEX ACRÍLICA","3","IMPLANTAÇÃO",213.19,{"$f":"ROUND(K238,2)*R238","v":6807.1567}]
["Macrosserviço","16","","","LOUÇAS E METAIS","","","","","","",{"$f":"ROUND(L240,2)+ROUND(L241,2)+ROUND(L242,2)+ROUND(L243,2)+ROUND(L244,2)","v":11360.46},"","","","","","",""]
["Serviço","16.1","SINAPI","86888","VASO SANITÁRIO SIFONADO COM CAIXA ACOPLADA LOUÇA BRANCA - FORNECIMENTO E INSTALAÇÃO. AF_01/2020",{"$f":"R240","v":{"v":8,"d":"8.00"}},"UN",510.61,510.61,{"v":0.24,"d":"24.00%"},{"$f":"ROUND(I240,2)+(ROUND(I240,2)*J240)","v":633.1564000000001},{"$f":"ROUND(S240,2)","v":5065.28},"","33","LOUÇAS","2","EDIFICAÇÃO",{"v":8,"d":"8.00"},{"$f":"ROUND(K240,2)*R240","v":5065.28}]
["Serviço","16.2","SINAPI","86923","TANQUE DE LOUÇA BRANCA SUSPENSO, 18L OU EQUIVALENTE, INCLUSO SIFÃO TIPO GARRAFA EM PVC, VÁLVULA PLÁSTICA E TORNEIRA DE METAL CROMADO PADRÃO POPULAR - FORNECIMENTO E INSTALAÇÃO. AF_01/2020",{"$f":"R241","v":{"v":5,"d":"5.00"}},"UN",625.8,625.8,{"v":0.24,"d":"24.00%"},{"$f":"ROUND(I241,2)+(ROUND(I241,2)*J241)","v":775.992},{"$f":"ROUND(S241,2)","v":3879.95},"","33","LOUÇAS","2","EDIFICAÇÃO",{"v":5,"d":"5.00"},{"$f":"ROUND(K241,2)*R241","v":3879.95}]
["Serviço","16.3","SINAPI","86909","TORNEIRA CROMADA TUBO MÓVEL, DE MESA, 1/2\" OU 3/4\", PARA PIA DE COZINHA, PADRÃO ALTO - FORNECIMENTO E INSTALAÇÃO. AF_01/2020",{"$f":"R242","v":{"v":1,"d":"1.00"}},"UN",151.41,151.41,{"v":0.24,"d":"24.00%"},{"$f":"ROUND(I242,2)+(ROUND(I242,2)*J242)","v":187.7484},{"$f":"ROUND(S242,2)","v":187.75},"","34","METAIS","2","EDIFICAÇÃO",{"v":1,"d":"1.00"},{"$f":"ROUND(K242,2)*R242","v":187.75}]
["Serviço","16.4","SINAPI","86915","TORNEIRA CROMADA DE MESA, 1/2\" OU 3/4\", PARA LAVATÓRIO, PADRÃO MÉDIO - FORNECIMENTO E INSTALAÇÃO. AF_01/2020",{"$f":"R243","v":{"v":8,"d":"8.00"}},"UN",167.33,167.33,{"v":0.24,"d":"24.00%"},{"$f":"ROUND(I243,2)+(ROUND(I243,2)*J243)","v":207.4892},{"$f":"ROUND(S243,2)","v":1659.92},"","34","METAIS","2","EDIFICAÇÃO",{"v":8,"d":"8.00"},{"$f":"ROUND(K243,2)*R243","v":1659.92}]
["Serviço","16.5","SINAPI","86914","TORNEIRA CROMADA 1/2\" OU 3/4\" PARA TANQUE, PADRÃO MÉDIO - FORNECIMENTO E INSTALAÇÃO. AF_01/2020",{"$f":"R244","v":{"v":4,"d":"4.00"}},"UN",114.43,114.43,{"v":0.24,"d":"24.00%"},{"$f":"ROUND(I244,2)+(ROUND(I244,2)*J244)","v":141.8932},{"$f":"ROUND(S244,2)","v":567.56},"","34","METAIS","2","EDIFICAÇÃO",{"v":4,"d":"4.00"},{"$f":"ROUND(K244,2)*R244","v":567.56}]
["Macrosserviço","17","","","BANCADAS E PEDRAS","","","","","","",{"$f":"ROUND(L246,2)+ROUND(L247,2)+ROUND(L248,2)","v":8411.99},"","","","","","",""]
["Serviço","17.1","SINAPI","101965","PEITORIL LINEAR EM GRANITO OU MÁRMORE, L = 15CM, ASSENTADO COM ARGAMASSA 1:6 COM ADITIVO. AF_11/2020",{"$f":"R246","v":{"v":11.4,"d":"11.40"}},"M",126.33,126.33,{"v":0.24,"d":"24.00%"},{"$f":"ROUND(I246,2)+(ROUND(I246,2)*J246)","v":156.6492},{"$f":"ROUND(S246,2)","v":1785.81},"","35","BANCADAS E PEDRAS","2","EDIFICAÇÃO",{"v":11.4,"d":"11.40"},{"$f":"ROUND(K246,2)*R246","v":1785.8100000000002}]
["Serviço","17.2","SINAPI","98689","SOLEIRA EM GRANITO, LARGURA 15 CM, ESPESSURA 2,0 CM. AF_09/2020",{"$f":"R247","v":25.29},"M",124.32,124.32,{"v":0.24,"d":"24.00%"},{"$f":"ROUND(I247,2)+(ROUND(I247,2)*J247)","v":154.15679999999998},{"$f":"ROUND(S247,2)","v":3898.71},"","35","BANCADAS E PEDRAS","2","EDIFICAÇÃO",25.29,{"$f":"ROUND(K247,2)*R247","v":3898.7063999999996}]
["Serviço","17.3","Composição","GRANITO","SERVIÇO REPRESENTATIVO MARMORIA",{"$f":"R248","v":2.49},"M2",883.36,883.36,{"v":0.24,"d":"24.00%"},{"$f":"ROUND(I248,2)+(ROUND(I248,2)*J248)","v":1095.3663999999999},{"$f":"ROUND(S248,2)","v":2727.47},"","35","BANCADAS E PEDRAS","2","EDIFICAÇÃO",2.49,{"$f":"ROUND(K248,2)*R248","v":2727.4713}]
["Macrosserviço","18","","","PPCI","","","","","","",{"$f":"ROUND(L250,2)+ROUND(L251,2)+ROUND(L252,2)","v":933.9599999999999},"","","","","","",""]
["Serviço","18.1","SINAPI","97599","LUMINÁRIA DE EMERGÊNCIA, COM 30 LÂMPADAS LED DE 2 W, SEM REATOR - FORNECIMENTO E INSTALAÇÃO. AF_09/2024",{"$f":"R250","v":{"v":6,"d":"6.00"}},"UN",16.11,16.11,{"v":0.24,"d":"24.00%"},{"$f":"ROUND(I250,2)+(ROUND(I250,2)*J250)","v":19.976399999999998},{"$f":"ROUND(S250,2)","v":119.88},"","36","PPCI","2","EDIFICAÇÃO",{"v":6,"d":"6.00"},{"$f":"ROUND(K250,2)*R250","v":119.88}]
["Serviço","18.2","SINAPI","101909","EXTINTOR DE INCÊNDIO PORTÁTIL COM CARGA DE PQS DE 6 KG, CLASSE BC - FORNECIMENTO E INSTALAÇÃO. AF_10/2020_PE",{"$f":"R251","v":{"v":2,"d":"2.00"}},"UN",249.27,249.27,{"v":0.24,"d":"24.00%"},{"$f":"ROUND(I251,2)+(ROUND(I251,2)*J251)","v":309.0948},{"$f":"ROUND(S251,2)","v":618.18},"","36","PPCI","2","EDIFICAÇÃO",{"v":2,"d":"2.00"},{"$f":"ROUND(K251,2)*R251","v":618.18}]
["Serviço","18.3","Composição","PPCI","PLACA DE SINALIZACAO DE SEGURANCA CONTRA INCENDIO",{"$f":"R252","v":{"v":10,"d":"10.00"}},"UN",15.8,15.8,{"v":0.24,"d":"24.00%"},{"$f":"ROUND(I252,2)+(ROUND(I252,2)*J252)","v":19.592},{"$f":"ROUND(S252,2)","v":195.9},"","36","PPCI","2","EDIFICAÇÃO",{"v":10,"d":"10.00"},{"$f":"ROUND(K252,2)*R252","v":195.9}]
["Macrosserviço","19","","","PAISAGISMO","","","","","","",{"$f":"ROUND(L254,2)+ROUND(L255,2)","v":9318.09},"","","","","","",""]
["Serviço","19.1","SINAPI","103946","PLANTIO DE GRAMA ESMERALDA OU SÃO CARLOS OU CURITIBANA, EM PLACAS. AF_07/2024",{"$f":"R254","v":296.03},"M2",19.53,19.53,{"v":0.24,"d":"24.00%"},{"$f":"ROUND(I254,2)+(ROUND(I254,2)*J254)","v":24.217200000000002},{"$f":"ROUND(S254,2)","v":7169.85},"","37","PAISAGISMO","3","IMPLANTAÇÃO",296.03,{"$f":"ROUND(K254,2)*R254","v":7169.846599999999}]
["Serviço","19.2","SINAPI","98511","PLANTIO DE ÁRVORE ORNAMENTAL COM ALTURA DE MUDA MAIOR QUE 2,00 M E MENOR OU IGUAL A 4,00 M . AF_07/2024",{"$f":"R255","v":{"v":8,"d":"8.00"}},"UN",216.56,216.56,{"v":0.24,"d":"24.00%"},{"$f":"ROUND(I255,2)+(ROUND(I255,2)*J255)","v":268.5344},{"$f":"ROUND(S255,2)","v":2148.24},"","37","PAISAGISMO","3","IMPLANTAÇÃO",{"v":8,"d":"8.00"},{"$f":"ROUND(K255,2)*R255","v":2148.24}]
["Macrosserviço","20","","","SERVIÇOS COMPLEMENTARES","","","","","","",{"$f":"ROUND(L257,2)+ROUND(L258,2)+ROUND(L259,2)+ROUND(L260,2)+ROUND(L261,2)","v":3500.81},"","","","","","",""]
["Serviço","20.1","SINAPI","99818","LIMPEZA DE BACIA SANITÁRIA, BIDÊ OU MICTÓRIO EM LOUÇA, INCLUSIVE METAIS CORRESPONDENTES. AF_04/2019",{"$f":"R257","v":{"v":8,"d":"8.00"}},"UN",5.69,5.69,{"v":0.24,"d":"24.00%"},{"$f":"ROUND(I257,2)+(ROUND(I257,2)*J257)","v":7.0556},{"$f":"ROUND(S257,2)","v":56.48},"","38","SERVIÇOS COMPLEMENTARES","2","EDIFICAÇÃO",{"v":8,"d":"8.00"},{"$f":"ROUND(K257,2)*R257","v":56.48}]
["Serviço","20.2","SINAPI","99821","LIMPEZA DE JANELA DE VIDRO COM CAIXILHO EM AÇO/ALUMÍNIO/PVC. AF_04/2019",{"$f":"R258","v":9.96},"M2",3.11,3.11,{"v":0.24,"d":"24.00%"},{"$f":"ROUND(I258,2)+(ROUND(I258,2)*J258)","v":3.8564},{"$f":"ROUND(S258,2)","v":38.45},"","38","SERVIÇOS COMPLEMENTARES","2","EDIFICAÇÃO",9.96,{"$f":"ROUND(K258,2)*R258","v":38.4456}]
["Serviço","20.3","SINAPI","99810","LIMPEZA DE PISO DE MÁRMORE/GRANITO UTILIZANDO DETERGENTE NEUTRO E ESCOVAÇÃO MANUAL. AF_04/2019",{"$f":"R259","v":297.98},"M2",7.27,7.27,{"v":0.24,"d":"24.00%"},{"$f":"ROUND(I259,2)+(ROUND(I259,2)*J259)","v":9.0148},{"$f":"ROUND(S259,2)","v":2684.8},"","38","SERVIÇOS COMPLEMENTARES","2","EDIFICAÇÃO",297.98,{"$f":"ROUND(K259,2)*R259","v":2684.7998000000002}]
["Serviço","20.4","SINAPI","99807","LIMPEZA DE REVESTIMENTO CERÂMICO EM PAREDE UTILIZANDO DETERGENTE NEUTRO E ESCOVAÇÃO MANUAL. AF_04/2019",{"$f":"R260","v":313.99},"M2",1.62,1.62,{"v":0.24,"d":"24.00%"},{"$f":"ROUND(I260,2)+(ROUND(I260,2)*J260)","v":2.0088},{"$f":"ROUND(S260,2)","v":631.12},"","38","SERVIÇOS COMPLEMENTARES","2","EDIFICAÇÃO",313.99,{"$f":"ROUND(K260,2)*R260","v":631.1198999999999}]
["Serviço","20.5","SINAPI","99824","LIMPEZA DE PORTA EM AÇO/ALUMÍNIO. AF_04/2019",{"$f":"R261","v":28.56},"M2",2.54,2.54,{"v":0.24,"d":"24.00%"},{"$f":"ROUND(I261,2)+(ROUND(I261,2)*J261)","v":3.1496},{"$f":"ROUND(S261,2)","v":89.96},"","38","SERVIÇOS COMPLEMENTARES","2","EDIFICAÇÃO",28.56,{"$f":"ROUND(K261,2)*R261","v":89.964}]
["","","","","","","","","","","","","","","","","","Total:",{"$f":"L2+L15+L30+L57+L78+L85+L89+L125+L130+L175+L206+L214+L221+L229+L232+L239+L245+L249+L253+L256","v":1194935.26}]
["","","","","","","","","","","","","","","","","","Valor não utilizado (QCI):",{"$f":"ROUND(1194935.26,2)-ROUND(S262,2)","v":0}]

{"sheet":"CFF - PLE","index":1,"n_rows":81,"n_cols":5,"rows_kept":81,"merged":[[1,0,12,0],[1,1,12,1],[13,0,24,0],[13,1,24,1],[25,0,27,0],[25,1,27,1],[29,0,33,0],[29,1,33,1],[34,0,38,0],[34,1,38,1],[39,0,43,0],[39,1,43,1],[59,0,60,0],[59,1,60,1],[63,0,64,0],[63,1,64,1],[65,0,66,0],[65,1,66,1],[69,0,70,0],[69,1,70,1],[71,0,73,0],[71,1,73,1]]}
["N° do Evento","Título do Evento","N° da Frente de Obra","Frente de Obra","N° do Período de Conclusão do Evento"]
["1","ADMINISTRAÇÃO LOCAL","1","SERVIÇOS PRELIMINARES","1"]
[null,null,"2","EDIFICAÇÃO","2"]
[null,null,"3","IMPLANTAÇÃO","3"]
[null,null,"4","FUNDAÇÕES","4"]
[null,null,"5","VIGAS BALDRAME","5"]
[null,null,"6","PILARES","6"]
[null,null,"7","VIGAS","7"]
[null,null,"8","LAJES","8"]
[null,null,"9","REVESTIMENTOS INTERNOS","9"]
[null,null,"10","REVESTIMENTOS EXTERNOS","10"]
[null,null,"11","PINTURA INTERNA","11"]
[null,null,"12","PINTURA EXTERNA","12"]
["2","CANTEIRO DE OBRA","1","SERVIÇOS PRELIMINARES","1"]
[null,null,"2","EDIFICAÇÃO","2"]
[null,null,"3","IMPLANTAÇÃO","3"]
[null,null,"4","FUNDAÇÕES","4"]
[null,null,"5","VIGAS BALDRAME","5"]
[null,null,"6","PILARES","6"]
[null,null,"7","VIGAS","7"]
[null,null,"8","LAJES","8"]
[null,null,"9","REVESTIMENTOS INTERNOS","9"]
[null,null,"10","REVESTIMENTOS EXTERNOS","10"]
[null,null,"11","PINTURA INTERNA","11"]
[null,null,"12","PINTURA EXTERNA","12"]
["3","MOVIMENTAÇÃO DE SOLOS","1","SERVIÇOS PRELIMINARES","1"]
[null,null,"4","FUNDAÇÕES","2"]
[null,null,"5","VIGAS BALDRAME","3"]
["4","ESTACAS","4","FUNDAÇÕES","2"]
["8","CONCRETAGENS","4","FUNDAÇÕES","3"]
[null,null,"5","VIGAS BALDRAME","3"]
[null,null,"6","PILARES","4"]
[null,null,"7","VIGAS","5"]
[null,null,"8","LAJES","5"]
["7","FÔRMAS","4","FUNDAÇÕES","3"]
[null,null,"5","VIGAS BALDRAME","3"]
[null,null,"6","PILARES","4"]
[null,null,"7","VIGAS","5"]
[null,null,"8","LAJES","5"]
["6","ARMAÇÕES","4","FUNDAÇÕES","2"]
[null,null,"5","VIGAS BALDRAME","3"]
[null,null,"6","PILARES","4"]
[null,null,"7","VIGAS","5"]
[null,null,"8","LAJES","5"]
["5","IMPERMEABILIZAÇÕES","5","VIGAS BALDRAME","3"]
["11","ESTRUTURA METÁLICA DE COBERTURA","2","EDIFICAÇÃO","7"]
["12","TELHAMENTO - RUFOS E CALHAS","2","EDIFICAÇÃO","8"]
["9","ALVENARIA DE BLOCOS CERÂMICOS","2","EDIFICAÇÃO","6"]
["10","CONTRAMARCOS","2","EDIFICAÇÃO","6"]
["13","CONDUTORES ELÉTRICOS","2","EDIFICAÇÃO","8"]
["14","DISJUNTORES","2","EDIFICAÇÃO","8"]
["15","ELETRODUTOS E CAIXAS","2","EDIFICAÇÃO","7"]
["16","QUADROS E DISPOSITIVOS ELÉTRICOS","2","EDIFICAÇÃO","8"]
["17","LUMINÁRIAS","2","EDIFICAÇÃO","9"]
["18","HIDRÁULICA - TÉRREO","2","EDIFICAÇÃO","7"]
["20","HIDRÁULICA - ALIMENTAÇÃO","2","EDIFICAÇÃO","7"]
["19","HIDRÁULICA - COBERTURA","2","EDIFICAÇÃO","8"]
["21","INSTALAÇÕES SANITÁRIAS E PLUVIAIS","2","EDIFICAÇÃO","7"]
["22","ESQUADRIAS","2","EDIFICAÇÃO","10"]
["23","PISOS - COMPACTAÇÃO","2","EDIFICAÇÃO","6"]
[null,null,"3","IMPLANTAÇÃO","6"]
["25","PISOS - GRANILITE","2","EDIFICAÇÃO","7"]
["24","PISOS - CONCRETO","3","IMPLANTAÇÃO","6"]
["26","CHAPISCO","9","REVESTIMENTOS INTERNOS","8"]
[null,null,"10","REVESTIMENTOS EXTERNOS","8"]
["27","MASSA ÚNICA","9","REVESTIMENTOS INTERNOS","8"]
[null,null,"10","REVESTIMENTOS EXTERNOS","8"]
["28","REVESTIMENTO CERÂMICO","9","REVESTIMENTOS INTERNOS","9"]
["29","FORRO PVC","2","EDIFICAÇÃO","9"]
["30","MASSA LÁTEX","11","PINTURA INTERNA","9"]
[null,null,"12","PINTURA EXTERNA","9"]
["31","PINTURA LÁTEX ACRÍLICA","3","IMPLANTAÇÃO","10"]
[null,null,"11","PINTURA INTERNA","10"]
[null,null,"12","PINTURA EXTERNA","10"]
["32","SELADOR ACRÍLICO","12","PINTURA EXTERNA","10"]
["33","LOUÇAS","2","EDIFICAÇÃO","10"]
["34","METAIS","2","EDIFICAÇÃO","11"]
["35","BANCADAS E PEDRAS","2","EDIFICAÇÃO","10"]
["36","PPCI","2","EDIFICAÇÃO","11"]
["37","PAISAGISMO","3","IMPLANTAÇÃO","12"]
["38","SERVIÇOS COMPLEMENTARES","2","EDIFICAÇÃO","12"]